{"text_format":"3","workbook":"xlsx","n_sheets":20,"sheets":["Capa","Orç_20-30","Crono_20-30","Definições","Dados Básicos do município","Custos","DNIT04.23","K","P1","P2","P3","P4","P5","P6","P7a","P7b","P8","Produto Consolidado","CPP","Cronograma"],"not_rendered":{"images":2,"defined_names":27,"comments":6},"read":"whole","date_system":"1900"}

{"sheet":"Capa","index":0,"n_rows":51,"n_cols":3,"rows_kept":51,"merged":[[10,1,11,8],[18,0,20,9],[24,1,25,8],[29,1,30,8],[31,1,32,8],[35,1,35,8],[36,1,36,8],[37,1,37,8],[50,2,50,7]]}
{"$rows_empty":10}
[null,"Inserir Nome da Empresa"]
{"$rows_empty":7}
["ORÇAMENTO PARA ELABORAÇÃO DE PROJETOS DE SISTEMA DE TRATAMENTO DE ESGOTO SANITÁRIO DE PEQUENO PORTE"]
[]
[]
[]
[]
[]
[null,"CBH-DOCE"]
[]
[]
[]
[]
[null,"São Geraldo do Baixio/Minas Gerais"]
[]
[null,"Pequena comunidade isolada: João Jonas"]
[]
[]
[]
[null,"Inserir nome do responsável pela proposta"]
[null,"Inserir nº do CREA"]
[null,"Inserir nº da ART"]
{"$rows_empty":12}
[null,null,"Inserir a data"]

{"sheet":"Orç_20-30","index":1,"n_rows":82,"n_cols":16,"rows_kept":82,"hidden":true,"merged":[[0,0,8,6],[9,0,9,6],[10,0,10,6],[12,1,12,5],[13,0,13,6],[14,0,15,0],[14,1,15,1],[14,2,15,2],[14,3,15,3],[14,4,15,4],[14,6,15,6],[16,1,16,3],[20,1,20,3],[29,1,29,3],[39,1,39,5],[50,1,50,5],[61,1,61,3],[70,1,70,3],[76,0,76,5],[77,0,77,5]]}
{"$rows_empty":9}
["GOVERNO DO ESTADO DO RIO DE JANEIRO"]
["SECRETARIA DE ESTADO DO AMBIENTE - SEA"]
[]
[null,"Planilha Orçamentária",{"$nulls":4},"I0 = AGO/2011"]
["Projeto: ELABORAÇÃO DE PLANO MUNICIPAL DE SANEAMENTO NAS MODALIDADES ÁGUA, ESGOTO E DRENAGEM URBANA  PARA MUNICÍPIOS COM POPULAÇÃO ATÉ 15 MIL HABITANTES"]
["ITEM","DESCRIÇÃO","Código","Unid.","Quant.","Preço unit.","Custo total"]
[{"$nulls":5},"EMOP JUL/11"]
[0,"Supervisão e Suporte",{"$nulls":4},{"$f":"SUM(G18:G20)","v":{"$error":"#REF!"}},null,"h/mês","nº meses","nº prof."]
["0.1",{"$f":"IF(C18=\"\",\"\",VLOOKUP(C18,#REF!,2,FALSE))","v":{"$error":"#REF!"}},"05.105.034-0","h",{"$f":"I18*J18*K18","v":240},{"$f":"IF(C18=\"\",\"\",VLOOKUP(C18,#REF!,2,FALSE))","v":{"$error":"#REF!"}},{"$f":"E18*F18","v":{"$error":"#REF!"}},null,40,6,1]
["0.2",{"$f":"IF(C19=\"\",\"\",VLOOKUP(C19,#REF!,2,FALSE))","v":{"$error":"#REF!"}},"05.105.038-0","h",{"$f":"I19*J19*K19","v":960},{"$f":"IF(C19=\"\",\"\",VLOOKUP(C19,#REF!,2,FALSE))","v":{"$error":"#REF!"}},{"$f":"E19*F19","v":{"$error":"#REF!"}},null,160,6,1]
["0.3",{"$f":"IF(C20=\"\",\"\",VLOOKUP(C20,#REF!,2,FALSE))","v":{"$error":"#REF!"}},"05.105.041-0","h",{"$f":"I20*J20*K20","v":960},{"$f":"IF(C20=\"\",\"\",VLOOKUP(C20,#REF!,2,FALSE))","v":{"$error":"#REF!"}},{"$f":"E20*F20","v":{"$error":"#REF!"}},null,160,6,1]
[1,"Plano de Trabalho (P1) e Projeto de Comunicação e Mobilização Social (P2)",{"$nulls":4},{"$f":"SUM(G22:G29)","v":{"$error":"#REF!"}},{"$nulls":4},1,"P1 + P2"]
["1.1","MÃO-DE-OBRA DE ADVOGADO OU ASSESSOR JURÍDICO",null,"h",{"$f":"I22*J22*K22","v":40},{"v":53.9,"d":"53.90"},{"$f":"E22*F22","v":{"v":2156,"d":"2,156.00"}},null,40,1,1,null,null,{"v":3719.74,"d":"3,719.74"},{"$f":"N22/160","v":{"v":23.248375,"d":"23.25"}},{"$f":"O22+O22*1.14","v":{"v":49.75152249999999,"d":"49.75"}}]
["1.2","MÃO-DE-OBRA DE ASSISTENTE SOCIAL ",null,"h",{"$f":"I23*J23*K23","v":160},{"v":53.9,"d":"53.90"},{"v":8624,"d":"8,624.00"},null,160,1,1,null,null,{"v":2076,"d":"2,076.00"},{"$f":"N23/160","v":{"v":12.975,"d":"12.98"}},{"$f":"O23+O23*1.14","v":{"v":27.7665,"d":"27.77"}}]
["1.3","MÃO-DE-OBRA DE ECONOMISTA",null,"h",0,{"v":53.9,"d":"53.90"},0,null,160,1,0,{"$nulls":4},50]
["1.4",{"$f":"IF(C25=\"\",\"\",VLOOKUP(C25,#REF!,2,FALSE))","v":{"$error":"#REF!"}},"05.105.033-0","h",80,{"$f":"IF(C25=\"\",\"\",VLOOKUP(C25,#REF!,2,FALSE))","v":{"$error":"#REF!"}},{"$error":"#REF!"},null,80,1,1]
["1.5",{"$f":"IF(C26=\"\",\"\",VLOOKUP(C26,#REF!,2,FALSE))","v":{"$error":"#REF!"}},"05.105.032-0","h",160,{"$f":"IF(C26=\"\",\"\",VLOOKUP(C26,#REF!,2,FALSE))","v":{"$error":"#REF!"}},{"$error":"#REF!"},null,160,1,1]
["1.6",{"$f":"IF(C27=\"\",\"\",VLOOKUP(C27,#REF!,2,FALSE))","v":{"$error":"#REF!"}},"05.105.026-0","h",0,{"$f":"IF(C27=\"\",\"\",VLOOKUP(C27,#REF!,2,FALSE))","v":{"$error":"#REF!"}},{"$error":"#REF!"},null,160,1,0]
["1.7",{"$f":"IF(C28=\"\",\"\",VLOOKUP(C28,#REF!,2,FALSE))","v":{"$error":"#REF!"}},"05.105.035-0","h",0,{"$f":"IF(C28=\"\",\"\",VLOOKUP(C28,#REF!,2,FALSE))","v":{"$error":"#REF!"}},{"$error":"#REF!"},null,160,1,0]
["1.8",{"$f":"IF(C29=\"\",\"\",VLOOKUP(C29,#REF!,2,FALSE))","v":{"$error":"#REF!"}},"05.105.025-0",null,0,{"$f":"IF(C29=\"\",\"\",VLOOKUP(C29,#REF!,2,FALSE))","v":{"$error":"#REF!"}},{"$error":"#REF!"},null,160,1,0]
[2," Caracterização do Município (P3)",{"$nulls":4},{"$f":"SUM(G31:G39)","v":{"$error":"#REF!"}},{"$nulls":4},1,"P3"]
["2.1","MÃO-DE-OBRA DE ADVOGADO OU ASSESSOR JURÍDICO",null,"h",{"$f":"I31*J31*K31","v":40},{"v":53.9,"d":"53.90"},{"$f":"E31*F31","v":{"v":2156,"d":"2,156.00"}},null,40,1,1]
["2.2","MÃO-DE-OBRA DE ASSISTENTE SOCIAL ",null,"h",{"$f":"I32*J32*K32","v":40},{"v":53.9,"d":"53.90"},{"v":2156,"d":"2,156.00"},null,40,1,1]
["2.3","MÃO-DE-OBRA DE ECONOMISTA",null,"h",40,{"v":53.9,"d":"53.90"},{"v":2156,"d":"2,156.00"},null,40,1,1]
["2.4",{"$f":"IF(C34=\"\",\"\",VLOOKUP(C34,#REF!,2,FALSE))","v":{"$error":"#REF!"}},"05.105.033-0","h",40,{"$f":"IF(C34=\"\",\"\",VLOOKUP(C34,#REF!,2,FALSE))","v":{"$error":"#REF!"}},{"$error":"#REF!"},null,40,1,1]
["2.5",{"$f":"IF(C35=\"\",\"\",VLOOKUP(C35,#REF!,2,FALSE))","v":{"$error":"#REF!"}},"05.105.032-0","h",80,{"$f":"IF(C35=\"\",\"\",VLOOKUP(C35,#REF!,2,FALSE))","v":{"$error":"#REF!"}},{"$error":"#REF!"},null,80,1,1]
["2.6",{"$f":"IF(C36=\"\",\"\",VLOOKUP(C36,#REF!,2,FALSE))","v":{"$error":"#REF!"}},"05.105.026-0","h",0,{"$f":"IF(C36=\"\",\"\",VLOOKUP(C36,#REF!,2,FALSE))","v":{"$error":"#REF!"}},{"$error":"#REF!"},null,0,1,1]
["2.7",{"$f":"IF(C37=\"\",\"\",VLOOKUP(C37,#REF!,2,FALSE))","v":{"$error":"#REF!"}},"05.105.035-0","h",40,{"$f":"IF(C37=\"\",\"\",VLOOKUP(C37,#REF!,2,FALSE))","v":{"$error":"#REF!"}},{"$error":"#REF!"},null,40,1,1]
["2.8",{"$f":"IF(C38=\"\",\"\",VLOOKUP(C38,#REF!,2,FALSE))","v":{"$error":"#REF!"}},"05.105.025-0",null,80,{"$f":"IF(C38=\"\",\"\",VLOOKUP(C38,#REF!,2,FALSE))","v":{"$error":"#REF!"}},{"$error":"#REF!"},null,80,1,1]
["2.9",{"$f":"IF(C39=\"\",\"\",VLOOKUP(C39,#REF!,2,FALSE))","v":{"$error":"#REF!"}},"19.004.042-2",null,{"$f":"I39*J39*K39","v":40},{"$f":"IF(C39=\"\",\"\",VLOOKUP(C39,#REF!,2,FALSE))","v":{"$error":"#REF!"}},{"$f":"E39*F39","v":{"$error":"#REF!"}},null,40,1,1]
[3,"Diagnóstico dos Serviços de Abastecimento de Água Potável (P4),  Esgotamento Sanitário e Drenagem Pluvial Urbana (P5)",{"$nulls":4},{"$f":"SUM(G41:G50)","v":{"$error":"#REF!"}},{"$nulls":4},1,"P4"]
["3.1","MÃO-DE-OBRA DE ADVOGADO OU ASSESSOR JURÍDICO",null,"h",{"$f":"I41*J41*K41","v":40},{"v":53.9,"d":"53.90"},{"$f":"E41*F41","v":{"v":2156,"d":"2,156.00"}},null,40,1,1]
["3.2","MÃO-DE-OBRA DE ASSISTENTE SOCIAL ",null,"h",{"$f":"I42*J42*K42","v":40},{"v":53.9,"d":"53.90"},{"v":2156,"d":"2,156.00"},null,40,1,1]
["3.3","MÃO-DE-OBRA DE ECONOMISTA",null,"h",40,{"v":53.9,"d":"53.90"},{"v":2156,"d":"2,156.00"},null,40,1,1]
["3.4",{"$f":"IF(C44=\"\",\"\",VLOOKUP(C44,#REF!,2,FALSE))","v":{"$error":"#REF!"}},"05.105.033-0","h",160,{"$f":"IF(C44=\"\",\"\",VLOOKUP(C44,#REF!,2,FALSE))","v":{"$error":"#REF!"}},{"$error":"#REF!"},null,160,1,1]
["3.5",{"$f":"IF(C45=\"\",\"\",VLOOKUP(C45,#REF!,2,FALSE))","v":{"$error":"#REF!"}},"05.105.032-0","h",320,{"$f":"IF(C45=\"\",\"\",VLOOKUP(C45,#REF!,2,FALSE))","v":{"$error":"#REF!"}},{"$error":"#REF!"},null,160,1,2]
["3.6",{"$f":"IF(C46=\"\",\"\",VLOOKUP(C46,#REF!,2,FALSE))","v":{"$error":"#REF!"}},"05.105.050-0","h",160,{"$f":"IF(C46=\"\",\"\",VLOOKUP(C46,#REF!,2,FALSE))","v":{"$error":"#REF!"}},{"$error":"#REF!"},null,160,1,1]
["3.7",{"$f":"IF(C47=\"\",\"\",VLOOKUP(C47,#REF!,2,FALSE))","v":{"$error":"#REF!"}},"05.105.026-0","h",160,{"$f":"IF(C47=\"\",\"\",VLOOKUP(C47,#REF!,2,FALSE))","v":{"$error":"#REF!"}},{"$error":"#REF!"},null,160,1,1]
["3.8",{"$f":"IF(C48=\"\",\"\",VLOOKUP(C48,#REF!,2,FALSE))","v":{"$error":"#REF!"}},"05.105.035-0","h",80,{"$f":"IF(C48=\"\",\"\",VLOOKUP(C48,#REF!,2,FALSE))","v":{"$error":"#REF!"}},{"$error":"#REF!"},null,80,1,1]
["3.9",{"$f":"IF(C49=\"\",\"\",VLOOKUP(C49,#REF!,2,FALSE))","v":{"$error":"#REF!"}},"05.105.025-0",null,160,{"$f":"IF(C49=\"\",\"\",VLOOKUP(C49,#REF!,2,FALSE))","v":{"$error":"#REF!"}},{"$error":"#REF!"},null,160,1,1]
["3.10",{"$f":"IF(C50=\"\",\"\",VLOOKUP(C50,#REF!,2,FALSE))","v":{"$error":"#REF!"}},"19.004.042-2",null,160,{"$f":"IF(C50=\"\",\"\",VLOOKUP(C50,#REF!,2,FALSE))","v":{"$error":"#REF!"}},{"$error":"#REF!"},null,160,1,1]
[4," Proposição de  Arranjos Institucionais, Jurídicos e Econômico-Financeiros (P6), Sistemas de Abastecimento de Água (P7), Sistemas de Esgotamento Sanitário e Drenagem Pluvial Urbana (P8)",{"$nulls":4},{"$f":"SUM(G52:G61)","v":{"$error":"#REF!"}},{"$nulls":4},1,"P6"]
["4.1","MÃO-DE-OBRA DE ADVOGADO OU ASSESSOR JURÍDICO",null,"h",{"$f":"I52*J52*K52","v":80},{"v":53.9,"d":"53.90"},{"$f":"E52*F52","v":{"v":4312,"d":"4,312.00"}},null,80,1,1,null,40,1,1]
["4.2","MÃO-DE-OBRA DE ASSISTENTE SOCIAL ",null,"h",{"$f":"I53*J53*K53","v":20},{"v":53.9,"d":"53.90"},{"v":1078,"d":"1,078.00"},null,20,1,1,null,20,1,1]
["4.3","MÃO-DE-OBRA DE ECONOMISTA",null,"h",80,{"v":53.9,"d":"53.90"},{"v":4312,"d":"4,312.00"},null,80,1,1,null,40,1,1]
["4.4",{"$f":"IF(C55=\"\",\"\",VLOOKUP(C55,#REF!,2,FALSE))","v":{"$error":"#REF!"}},"05.105.033-0","h",160,{"$f":"IF(C55=\"\",\"\",VLOOKUP(C55,#REF!,2,FALSE))","v":{"$error":"#REF!"}},{"$error":"#REF!"},null,160,1,1,null,80,1,1]
["4.5",{"$f":"IF(C56=\"\",\"\",VLOOKUP(C56,#REF!,2,FALSE))","v":{"$error":"#REF!"}},"05.105.032-0","h",320,{"$f":"IF(C56=\"\",\"\",VLOOKUP(C56,#REF!,2,FALSE))","v":{"$error":"#REF!"}},{"$error":"#REF!"},null,160,1,2,null,160,1,2]
["4.6",{"$f":"IF(C57=\"\",\"\",VLOOKUP(C57,#REF!,2,FALSE))","v":{"$error":"#REF!"}},"05.105.050-0","h",{"$f":"I57*J57*K57","v":0},{"$f":"IF(C57=\"\",\"\",VLOOKUP(C57,#REF!,2,FALSE))","v":{"$error":"#REF!"}},{"$f":"E57*F57","v":{"$error":"#REF!"}},null,160,1,0,null,160,1,0]
["4.7",{"$f":"IF(C58=\"\",\"\",VLOOKUP(C58,#REF!,2,FALSE))","v":{"$error":"#REF!"}},"05.105.026-0","h",160,{"$f":"IF(C58=\"\",\"\",VLOOKUP(C58,#REF!,2,FALSE))","v":{"$error":"#REF!"}},{"$error":"#REF!"},null,160,1,1,null,160,1,1]
["4.8",{"$f":"IF(C59=\"\",\"\",VLOOKUP(C59,#REF!,2,FALSE))","v":{"$error":"#REF!"}},"05.105.035-0","h",160,{"$f":"IF(C59=\"\",\"\",VLOOKUP(C59,#REF!,2,FALSE))","v":{"$error":"#REF!"}},{"$error":"#REF!"},null,160,1,1,null,80,1,1]
["4.9",{"$f":"IF(C60=\"\",\"\",VLOOKUP(C60,#REF!,2,FALSE))","v":{"$error":"#REF!"}},"05.105.025-0",null,160,{"$f":"IF(C60=\"\",\"\",VLOOKUP(C60,#REF!,2,FALSE))","v":{"$error":"#REF!"}},{"$error":"#REF!"},null,160,1,1,null,160,1,1]
["4.10",{"$f":"IF(C61=\"\",\"\",VLOOKUP(C61,#REF!,2,FALSE))","v":{"$error":"#REF!"}},"19.004.042-2",null,160,{"$f":"IF(C61=\"\",\"\",VLOOKUP(C61,#REF!,2,FALSE))","v":{"$error":"#REF!"}},{"$error":"#REF!"},null,160,1,1,null,40,1,1]
[5,"Versão Preliminar do Plano (P9)",{"$nulls":4},{"$f":"SUM(G63:G70)","v":{"$error":"#REF!"}},{"$nulls":4},1,"P9"]
["5.1","MÃO-DE-OBRA DE ADVOGADO OU ASSESSOR JURÍDICO",null,"h",{"$f":"I63*J63*K63","v":0},{"v":53.9,"d":"53.90"},{"$f":"E63*F63","v":0},null,160,1,0]
["5.2","MÃO-DE-OBRA DE ASSISTENTE SOCIAL ",null,"h",{"$f":"I64*J64*K64","v":20},{"v":53.9,"d":"53.90"},{"v":1078,"d":"1,078.00"},null,20,1,1]
["5.3","MÃO-DE-OBRA DE ECONOMISTA",null,"h",0,{"v":53.9,"d":"53.90"},0,null,160,1,0]
["5.4",{"$f":"IF(C66=\"\",\"\",VLOOKUP(C66,#REF!,2,FALSE))","v":{"$error":"#REF!"}},"05.105.033-0","h",40,{"$f":"IF(C66=\"\",\"\",VLOOKUP(C66,#REF!,2,FALSE))","v":{"$error":"#REF!"}},{"$error":"#REF!"},null,40,1,1]
["5.5",{"$f":"IF(C67=\"\",\"\",VLOOKUP(C67,#REF!,2,FALSE))","v":{"$error":"#REF!"}},"05.105.032-0","h",160,{"$f":"IF(C67=\"\",\"\",VLOOKUP(C67,#REF!,2,FALSE))","v":{"$error":"#REF!"}},{"$error":"#REF!"},null,160,1,1]
["5.6",{"$f":"IF(C68=\"\",\"\",VLOOKUP(C68,#REF!,2,FALSE))","v":{"$error":"#REF!"}},"05.105.026-0","h",0,{"$f":"IF(C68=\"\",\"\",VLOOKUP(C68,#REF!,2,FALSE))","v":{"$error":"#REF!"}},{"$error":"#REF!"},null,160,1,0]
["5.7",{"$f":"IF(C69=\"\",\"\",VLOOKUP(C69,#REF!,2,FALSE))","v":{"$error":"#REF!"}},"05.105.035-0","h",0,{"$f":"IF(C69=\"\",\"\",VLOOKUP(C69,#REF!,2,FALSE))","v":{"$error":"#REF!"}},{"$error":"#REF!"},null,160,1,0]
["5.8",{"$f":"IF(C70=\"\",\"\",VLOOKUP(C70,#REF!,2,FALSE))","v":{"$error":"#REF!"}},"05.105.025-0","h",0,{"$f":"IF(C70=\"\",\"\",VLOOKUP(C70,#REF!,2,FALSE))","v":{"$error":"#REF!"}},{"$error":"#REF!"},null,160,1,0]
[6,"Versão Final do Plano (P10) e Banco de Dados (P11)",{"$nulls":4},{"$f":"SUM(G72:G76)","v":{"$error":"#REF!"}},{"$nulls":4},1,"P10","P11"]
["6.1",{"$f":"IF(C72=\"\",\"\",VLOOKUP(C72,#REF!,2,FALSE))","v":{"$error":"#REF!"}},"05.105.033-0","h",{"$f":"I72*J72*K72","v":40},{"$f":"IF(C72=\"\",\"\",VLOOKUP(C72,#REF!,2,FALSE))","v":{"$error":"#REF!"}},{"$f":"E72*F72","v":{"$error":"#REF!"}},null,40,1,1]
["6.2",{"$f":"IF(C73=\"\",\"\",VLOOKUP(C73,#REF!,2,FALSE))","v":{"$error":"#REF!"}},"05.105.032-0","h",{"$f":"I73*J73*K73","v":160},{"$f":"IF(C73=\"\",\"\",VLOOKUP(C73,#REF!,2,FALSE))","v":{"$error":"#REF!"}},{"$f":"E73*F73","v":{"$error":"#REF!"}},null,160,1,1]
["6.3",{"$f":"IF(C74=\"\",\"\",VLOOKUP(C74,#REF!,2,FALSE))","v":{"$error":"#REF!"}},"05.105.026-0","h",{"$f":"I74*J74*K74","v":0},{"$f":"IF(C74=\"\",\"\",VLOOKUP(C74,#REF!,2,FALSE))","v":{"$error":"#REF!"}},{"$f":"E74*F74","v":{"$error":"#REF!"}},null,160,1,0]
["6.4","MAO-DE-OBRA DE TÉCNICO DE GEOPROCESSAMENTO",null,"h",{"$f":"I75*J75*K75","v":160},{"v":53.9,"d":"53.90"},{"$f":"E75*F75","v":{"v":8624,"d":"8,624.00"}},null,160,1,1]
["6.5",{"$f":"IF(C76=\"\",\"\",VLOOKUP(C76,#REF!,2,FALSE))","v":{"$error":"#REF!"}},"19.004.042-2","h",{"$f":"I76*J76*K76","v":40},{"$f":"IF(C76=\"\",\"\",VLOOKUP(C76,#REF!,2,FALSE))","v":{"$error":"#REF!"}},{"$f":"E76*F76","v":{"$error":"#REF!"}},null,40,1,1]
["Sub total Planos Municipais de Saneamento",{"$nulls":5},{"$f":"((G17/10)*9)+SUM(G21,G30,G40,#REF!,G51,#REF!,#REF!,G62,G71)","v":{"$error":"#REF!"}}]
["Sub total Planos Municipais de Saneamento (c/ BDI 16%)",{"$nulls":5},{"$f":"G77*1.16","v":{"$error":"#REF!"}}]
[{"$nulls":11},{"$f":"SUM(L21:L78)","v":6},"meses"]
[null,"TOTAL ",{"$nulls":4},{"$f":"SUM(G71,G62,G51,,G40,G30,G21,G17)","v":{"$error":"#REF!"}}]
[null,"BDI (8%)",{"$nulls":4},{"$f":"G80*0.08","v":{"$error":"#REF!"}}]
[null,"TOTAL GERAL",{"$nulls":4},{"$f":"SUM(G80:G81)","v":{"$error":"#REF!"}}]

{"sheet":"Crono_20-30","index":2,"n_rows":30,"n_cols":8,"rows_kept":30,"hidden":true,"merged":[[8,0,8,7],[9,0,10,7],[11,2,11,7],[14,0,15,0],[14,1,15,1],[16,0,17,0],[16,1,17,1],[18,0,19,0],[18,1,19,1],[20,0,21,0],[20,1,21,1],[22,0,23,0],[22,1,23,1],[24,0,25,0],[24,1,25,1]]}
{"$rows_empty":8}
["CRONOGRAMA FÍSICO-FINANCEIRO"]
["Projeto: ELABORAÇÃO DE PLANO MUNICIPAL DE SANEAMENTO NAS MODALIDADES ÁGUA, ESGOTO E DRENAGEM URBANA, PARA MUNICÍPIOS COM POPULAÇÃO ENTRE 15 E 30 MIL HABITANTES"]
[]
["Atividade","Supervisão/mês","DIAS"]
[null,null,30,60,90,120,150,180]
[]
["Plano de Trabalho e Projeto de Comunicação e Mobilização Social (P1+P2)",{"$f":"'Orç_20-30'!$G$17/6","v":{"$error":"#REF!"}}]
[null,null,{"$f":"('Orç_20-30'!G21+('Crono_20-30'!B15*1))*1.08","v":{"$error":"#REF!"}}]
["Caracterização do Município (P3)",{"$f":"'Orç_20-30'!$G$17/6","v":{"$error":"#REF!"}}]
[{"$nulls":3},{"$f":"('Orç_20-30'!G30+('Crono_20-30'!B17*1))*1.08","v":{"$error":"#REF!"}}]
["Diagnóstico do Serviço de Abastecimento de Água Potável (P4),  Esgotamento Sanitário e Drenagem Pluvial Urbana (P5)",{"$f":"'Orç_20-30'!$G$17/6","v":{"$error":"#REF!"}}]
[{"$nulls":4},{"$f":"('Orç_20-30'!G40+('Crono_20-30'!B19*1))*1.08","v":{"$error":"#REF!"}}]
["Proposição de  Arranjos Institucionais, Jurídicos e Econômico-Financeiros (P6), sistemas de Abastecimento de Água (P7), esgotamento sanitário e drenagem pluvial urbana (P8)",{"$f":"'Orç_20-30'!$G$17/6","v":{"$error":"#REF!"}}]
[{"$nulls":5},{"$f":"('Orç_20-30'!G51+('Crono_20-30'!B21*1))*1.08","v":{"$error":"#REF!"}}]
["Versão Preliminar do PMSB (P9)",{"$f":"'Orç_20-30'!$G$17/6","v":{"$error":"#REF!"}}]
[{"$nulls":6},{"$f":"('Orç_20-30'!G62+('Crono_20-30'!B23*1))*1.08","v":{"$error":"#REF!"}}]
["Banco de Dados (P10) e Versão Final do Plano (P11)",{"$f":"'Orç_20-30'!$G$17/6","v":{"$error":"#REF!"}}]
[{"$nulls":7},{"$f":"('Orç_20-30'!G71+('Crono_20-30'!B25*1))*1.08","v":{"$error":"#REF!"}}]
["Total",null,{"$f":"SUM(C15:C26)","v":{"$error":"#REF!"}},{"$error":"#REF!"},{"$error":"#REF!"},{"$error":"#REF!"},{"$error":"#REF!"},{"$error":"#REF!"}]
["Total Acumulado",null,{"$f":"SUM(C27)","v":{"$error":"#REF!"}},{"$f":"SUM(C27:D27)","v":{"$error":"#REF!"}},{"$f":"SUM(C27:E27)","v":{"$error":"#REF!"}},{"$f":"SUM(C27:F27)","v":{"$error":"#REF!"}},{"$f":"SUM(C27:G27)","v":{"$error":"#REF!"}},{"$f":"SUM(C27:H27)","v":{"$error":"#REF!"}}]
["Total (%)",null,{"$f":"(C27/$H$28)*100","v":{"$error":"#REF!"}},{"$f":"(D27/$H$28)*100","v":{"$error":"#REF!"}},{"$error":"#REF!"},{"$error":"#REF!"},{"$error":"#REF!"},{"$error":"#REF!"}]
["Total Acumulado (%)",null,{"$f":"(C28/$H$28)*100","v":{"$error":"#REF!"}},{"$error":"#REF!"},{"$error":"#REF!"},{"$error":"#REF!"},{"$error":"#REF!"},{"$error":"#REF!"}]

{"sheet":"Definições","index":3,"n_rows":40,"n_cols":4,"rows_kept":40,"merged":[[0,3,3,8],[6,0,12,1],[6,2,12,9],[14,0,22,1],[14,2,22,9],[24,0,26,1],[24,2,26,9],[28,0,37,1],[28,2,37,9],[39,0,45,1],[39,2,47,9]]}
[{"$nulls":3},"DEFINIÇÕES GERAIS"]
[]
[]
[]
[]
[]
["ENCARGOS SOCIAIS",null,"Encargos Sociais e Benefícios aos Trabalhadores – encargos incidentes sobre a folha de pagamento, encargos demissionais, benefícios pagos ao trabalhador e demais custos que deverão ser pagos ou apropriados para quitação quando devidos, tais como: férias e abono de férias, 13° salário, auxílio refeição, auxílio transporte, plano de saúde, seguro de vida, abonos legais etc."]
{"$rows_empty":7}
["DESPESAS INDIRETAS",null,"Despesas não apropriadas diretamente nos custos do contrato, como por exemplo: funcionários administrativos, assessoria jurídica, assessoria contábil, telefonia, água e luz, aluguel e manutenção de sede, atestados, certidões, cartórios etc., tarifas bancárias, segurança, manutenção de equipamentos, licenças de usos e atualização de software, hardware, seguros, impostos e taxas não vinculados com o faturamento, papelaria, mercado, livros, jornais e\nrevistas, despesas comerciais etc."]
{"$rows_empty":9}
["DESPESAS LEGAIS TRIBUTOS",null,"Impostos e contribuições incidentes sobre o faturamento ou o resultado da empresa: PIS, COFINS e Imposto sobre Serviço."]
[]
[]
[]
["SERVIÇOS DE APOIO TÉCNICO",null,"São serviços complementares, executados por profissionais ou empresas subcontratados, e que são necessários para o desenvolvimento dos trabalhos de arquitetura e engenharia consultiva. Diferenciam-se das despesas diretas por serem atividades e serviços vinculados à responsabilidade técnica inerente ao trabalho da consultoria. Dentre estes serviços pode-se destacar: levantamentos topográficos e cadastrais, sondagens, ensaios geotécnicos, ensaios e análises laboratoriais (biológicos e físico-químicos), ensaios em cimento, agregados, aço, concreto, solo, pavimento etc."]
{"$rows_empty":10}
["DESPESAS DIRETAS",null,"As despesas diretas são gastos decorrentes diretamente da execução do contrato, relacionados com materiais, serviços e equipamentos, alocados exclusivamente para o cumprimento do contrato em questão. Como exemplo destas despesas pode-se citar: impressão de desenhos, cópias Reprográficas, encadernações, fotografias, mídias, locação de veículo, diárias, refeições, passagens aéreas etc."]

{"sheet":"Dados Básicos do município","index":4,"n_rows":26,"n_cols":8,"rows_kept":26,"merged":[[0,0,1,7],[7,0,7,1],[8,0,8,1],[10,0,10,1],[25,0,26,7]]}
[{"$f":"Capa!A19","v":"ORÇAMENTO PARA ELABORAÇÃO DE PROJETOS DE SISTEMA DE TRATAMENTO DE ESGOTO SANITÁRIO DE PEQUENO PORTE"}]
[]
[]
["Dados primários para quantificação de projetos de esgotamento sanitário",{"$nulls":5},"Data:",{"$f":"Capa!C51","v":"Inserir a data"}]
["Comitê:",{"$f":"Capa!B25","v":"CBH-DOCE"}]
["Município:",{"$f":"Capa!B30","v":"São Geraldo do Baixio/Minas Gerais"}]
[]
["DISCRIMINAÇÃO",null,"VALORES","UNIDADE","FONTE",null,"LEGENDA:"]
["Localidade",null,"Comunidade João Jonas/ São Geraldo do Baixio ",{"$nulls":4},"Dados inseridos"]
["Cronograma do projeto estimado",null,{"v":3,"d":"3.0"},"meses","Estimado"]
["Distância da cidade até Governador Valadares/MG",null,{"v":107,"d":"107.00"},"km","Google MAPS",null,null,"Calculado"]
["População Total",null,{"v":3143,"d":"3,143"},"habitantes","IBGE 2022"]
["População urbana Total",null,{"v":2873,"d":"2,873"},"habitantes","Prefeitura Municipal  ou IBGE"]
["População da área de abrangência do projeto",null,120,"habitantes","Prefeitura Municipal  ou IBGE"]
["Área de abrangência do projeto (área da ETE de pequeno porte)",null,0.0009,"km²","Calculado - Google Earth"]
["Consumo per capita de água potável",null,{"v":171.29,"d":"171.290"},"L/hab.dia","SNIS - Água"]
["Número de domicílios da área de abrangência do projeto",null,28,"unidades","Prefeitura Municipal  ou IBGE"]
["Percentual de domicílios urbanos com saneamento adequado",null,{"v":0.9068,"d":"90.7%"},"%","Prefeitura Municipal  ou IBGE"]
["Extensão da rede por ligação",null,7.78,"m/lig","SNIS - Esgoto"]
["Vazão estimada de Esgoto",null,{"$f":"((C16*C14*1.2*1.5)/86400)*0.8","v":{"v":0.34258,"d":"0.343"}},"L/s","Calculado"]
["Extensão estimada total da rede",null,{"$f":"C19*C17*0.8","v":{"v":174.27200000000002,"d":"174"}},"m","Calculado (Considerado uma ligação/domicílio)"]
["Extensão de rede em condições adequadas",null,{"$f":"C21*C18","v":{"v":158.02984960000003,"d":"158"}},null,"Calculado"]
["Número Estimados de Poços de Visita (PVs)*",null,{"$f":"ROUNDUP(C21/120,0)","v":{"v":2,"d":"2.0"}},"unidades","Calculado"]
["Estimativa rede de esgoto a ser cadastrada",null,{"$f":"C22/1000","v":{"v":0.15802984960000002,"d":"0.2"}},"km ","Calculado"]
["Estimativa rede de esgoto a ser projetada",null,{"v":0,"d":"0.0"},"km ","Calculado"]
[""]

{"sheet":"Custos","index":5,"n_rows":49,"n_cols":10,"rows_kept":49,"hidden":true,"merged":[[0,0,1,9],[6,0,7,0],[6,1,7,2],[6,3,7,3],[6,4,7,4],[6,6,7,6],[6,7,7,7],[6,8,6,9],[9,12,10,12],[26,1,26,2],[27,1,27,2],[28,1,28,2],[29,1,29,2],[33,1,33,2],[34,1,34,2],[37,1,37,2],[38,1,38,2],[43,1,43,2],[44,1,44,2],[51,1,51,9],[52,1,52,9],[53,1,53,9],[54,1,54,9],[55,1,55,9],[56,1,56,9]]}
[{"$f":"Capa!A19","v":"ORÇAMENTO PARA ELABORAÇÃO DE PROJETOS DE SISTEMA DE TRATAMENTO DE ESGOTO SANITÁRIO DE PEQUENO PORTE"}]
[]
["Custos de referência",{"$nulls":7},"Data:",{"$f":"'Dados Básicos do município'!H4","v":"Inserir a data"}]
["Comitê:",null,{"$f":"'Dados Básicos do município'!B5","v":"CBH-DOCE"}]
["Município:",null,{"$f":"'Dados Básicos do município'!B6","v":"São Geraldo do Baixio/Minas Gerais"}]
[]
["ITEM","ESPECIFICAÇÃO",null,"FONTE","CÓDIGO","HORAS","DATA BASE","UNIDADE","CUSTO (R$)"]
[{"$nulls":5},"MÊS",null,null,"MENSAL","UNITÁRIO"]
[]
[1,"EQUIPE TÉCNICA PERMANENTE"]
[]
["1.1","PERMANENTE"]
["a)","Engenheiro Coordenador",null,"preencher","preencher",149.13,"preencher","hora","preencher",{"$f":"ROUND(I13/F13,2)","v":{"$error":"#VALUE!"}}]
["b)","Engenheiro de Projetos Pleno",null,"preencher","preencher",149.13,"preencher","hora","preencher",{"$f":"ROUND(I14/F14,2)","v":{"$error":"#VALUE!"}}]
["c)","Auxiliar Administrativo",null,"preencher","preencher",149.13,"preencher","hora","preencher",{"$error":"#VALUE!"}]
[]
[2,"EQUIPE DE CONSULTORES"]
[]
["2.1","CONSULTORES"]
["a)","Engenheiro de Projetos (Elétrico)",null,"preencher","preencher",149.13,"preencher","hora","preencher",{"$f":"ROUND(I20/F20,2)","v":{"$error":"#VALUE!"}}]
["b)","Engenheiro de Projeto (Calculista)",null,"preencher","preencher",149.13,"preencher","hora","preencher",{"$error":"#VALUE!"}]
["c)","Engenheiro ambiental",null,"preencher","preencher",149.13,"preencher","hora","preencher",{"$error":"#VALUE!"}]
[]
[3,"SERVIÇOS DE APOIO TÉCNICO"]
[]
["3.1","SERVIÇO DE SONDAGEM "]
["a)","Sondagem a percussao - mobilizacao e desmobilizacao",null,"preencher","preencher","-","preencher","unidade","-","preencher"]
["b)","Sondagem a percussao - adicional de mobilizacao e desmobilizacao",null,"preencher","preencher","-","preencher","km","-","preencher"]
["c)","Sondagem a percussao - instalacao por furo",null,"preencher","preencher","-","preencher","unidade","-","preencher"]
["d)","Sondagem a percussao ø2.1/2\" - perfuracao e retirada de amostras",null,"preencher","preencher","-","preencher","m","-","preencher"]
[]
["3.2","SERVIÇOS DE TOPOGRAFIA"]
["a)","Mobilização e desmobilização de equipe de topografia",null,"preencher","preencher","-","preencher","km","-","preencher"]
["b)","Equipe de topografia de campo",null,"preencher","preencher","-","preencher","mês","-","preencher"]
["c)","Equipe de topografia de escritório",null,"preencher","preencher","-","preencher","mês","-","preencher"]
[]
["3.3","CADASTRO TÉCNICO"]
["a)","Equipe de topografia de campo",null,"preencher","preencher","-","preencher","mês","-","preencher"]
["b)","Equipe de topografia de escritório",null,"preencher","preencher","-","preencher","mês","-","preencher"]
[]
[4,"OUTRAS DESPESAS"]
[]
["4.1","ANÁLISE DE ÁGUA"]
["a)","Análise fisico-química da água",null,"preencher","preencher","-","preencher","unidade","-","preencher"]
["b)","Analise bactereologica da água",null,"preencher","preencher","-","preencher","unidade","-","preencher"]
["4.1","OUTRAS DESPESAS"]
["a)","Veículo tipo pick-up 4X4",null,"preencher","preencher","-","preencher","mês","-","preencher"]
["b)","Refeições",null,"preencher","preencher","-","preencher","unidade","-","preencher"]
["c)","Diárias",null,"preencher","preencher","-","preencher","unidade","-","preencher"]

{"sheet":"DNIT04.23","index":6,"n_rows":98,"n_cols":4,"rows_kept":98,"hidden":true}
["P8001","Advogado júnior","mês",4222.14]
["P8002","Advogado pleno","mês",5629.52]
["P8003","Advogado sênior","mês",9740.87]
["P8007","Analista de desenvolvimento de sistemas júnior","mês",3731.91]
["P8008","Analista de desenvolvimento de sistemas pleno","mês",4975.88]
["P8009","Analista de desenvolvimento de sistemas sênior","mês",8853.75]
["P8013","Arquiteto júnior","mês",11067]
["P8014","Arquiteto pleno","mês",11492.2]
["P8015","Arquiteto sênior","mês",14185.72]
["P8019","Assistente social júnior","mês",2867.66]
["P8020","Assistente social pleno","mês",3823.55]
["P8021","Assistente social sênior","mês",6517.04]
["P8025","Auxiliar","mês",1428.53]
["P8026","Auxiliar administrativo","mês",1708.51]
["P8027","Auxiliar de laboratório","mês",1609.67]
["P8028","Auxiliar de topografia","mês",1428.53]
["P8032","Biólogo júnior","mês",3084.04]
["P8033","Biólogo pleno","mês",4112.06]
["P8034","Biólogo sênior","mês",7148.83]
["P8038","Chefe de escritório","mês",3122.68]
["P8040","Contador júnior","mês",3909.36]
["P8041","Contador pleno","mês",5212.47]
["P8042","Contador sênior","mês",9737.02]
["P8044","Coordenador ambiental ","mês",15552.43]
["P8045","Economista júnior","mês",4306.55]
["P8046","Economista pleno","mês",5742.07]
["P8047","Economista sênior","mês",9853.56]
["P8054","Engenheiro agrônomo júnior","mês",11067]
["P8055","Engenheiro agrônomo pleno","mês",12027.17]
["P8056","Engenheiro agrônomo sênior","mês",12987.35]
["P8057","Engenheiro ambiental júnior","mês",11067]
["P8058","Engenheiro ambiental pleno","mês",11113.77]
["P8059","Engenheiro ambiental sênior","mês",13306.5]
["P8060","Engenheiro consultor especial","mês",20421.76]
["P8061","Engenheiro coordenador","mês",17018.13]
["P8062","Engenheiro de pesca júnior","mês",11067]
["P8063","Engenheiro de pesca pleno","mês",11199.09]
["P8064","Engenheiro de pesca sênior","mês",12672.11]
["P8065","Engenheiro de projetos júnior","mês",11067]
["P8066","Engenheiro de projetos pleno","mês",11469.24]
["P8067","Engenheiro de projetos sênior","mês",14672.91]
["P8068","Engenheiro florestal júnior","mês",11067]
["P8069","Engenheiro florestal pleno","mês",11199.11]
["P8070","Engenheiro florestal sênior","mês",12672.11]
["P8080","Geólogo júnior","mês",10004.5]
["P8081","Geólogo pleno","mês",10526.36]
["P8082","Geólogo sênior","mês",14001.61]
["P8092","Jornalista júnior","mês",2682.71]
["P8093","Jornalista pleno","mês",3576.94]
["P8094","Jornalista sênior","mês",6931.43]
["P8098","Laboratorista","mês",2146.23]
["P8102","Médico veterinário","mês",11067]
["P8106","Meteorologista júnior","mês",4696.66]
["P8107","Meteorologista pleno","mês",6262.21]
["P8108","Meteorologista sênior","mês",10569.08]
["P8112","Motorista de caminhão","mês",2096.81]
["P8113","Motorista de veículo leve","mês",1918.44]
["P8117","Oceanógrafo júnior","mês",4509.57]
["P8118","Oceanógrafo pleno","mês",6012.77]
["P8119","Oceanógrafo sênior","mês",9797.51]
["P8129","Pedagogo júnior","mês",2605.46]
["P8130","Pedagogo pleno","mês",3473.94]
["P8131","Pedagogo sênior","mês",5794.12]
["P8135","Secretária","mês",2335.81]
["P8139","Sondador","mês",1843.72]
["P8143","Técnico ambiental","mês",2751.31]
["P8147","Técnico de obras","mês",3091.07]
["P8151","Técnico de segurança do trabalho","mês",4293.4]
["P8155","Técnico em geoprocessamento","mês",2522.76]
["P8159","Técnico em informática - programador","mês",3610.93]
["P8163","Topógrafo","mês",2323.3]
["P8167","Arquivista júnior","mês",2018.26]
["P8168","Arquivista pleno","mês",2691.02]
["P8169","Arquivista sênior","mês",4219.38]
["P8173","Administrador júnior","mês",3097.97]
["P8174","Administrador pleno","mês",4130.62]
["P8175","Administrador sênior","mês",7233.66]
["P8180","Engenheiro agrimensor júnior","mês",11067]
["P8181","Engenheiro agrimensor pleno","mês",11198.11]
["P8182","Engenheiro agrimensor sênior","mês",12047.23]
["P8183","Geógrafo júnior","mês",3351.22]
["P8184","Geógrafo pleno","mês",4468.29]
["P8185","Geógrafo sênior","mês",8514.33]
["P8186","Antropólogo júnior","mês",3165.46]
["P8187","Antropólogo pleno","mês",4220.61]
["P8188","Antropólogo sênior","mês",6078.95]
["P8189","Arqueólogo júnior","mês",3085.16]
["P8190","Arqueólogo pleno","mês",4113.55]
["P8191","Arqueólogo sênior","mês",5832.14]
["P8192","Historiador júnior","mês",3325.64]
["P8193","Historiador pleno","mês",4434.18]
["P8194","Historiador sênior","mês",7403.84]
["P8195","Paleontólogo júnior","mês",3141.84]
["P8196","Paleontólogo pleno","mês",4189.13]
["P8197","Paleontólogo sênior","mês",6069.84]
["P8198","Sociólogo júnior","mês",3782.76]
["P8199","Sociólogo pleno","mês",5043.67]
["P8200","Sociólogo sênior","mês",7915.13]

{"sheet":"K","index":7,"n_rows":25,"n_cols":7,"rows_kept":25,"merged":[[0,0,1,6],[7,0,8,6],[10,0,10,2],[25,0,25,6]]}
[{"$f":"#REF!","v":{"$error":"#REF!"}}]
[]
[]
["Detalhamento do Fator K",{"$nulls":4},"Data:",{"$f":"'Dados Básicos do município'!H4","v":"Inserir a data"}]
["Comitê:",{"$f":"'Dados Básicos do município'!B5","v":"CBH-DOCE"}]
["Município:",{"$f":"'Dados Básicos do município'!B6","v":"São Geraldo do Baixio/Minas Gerais"}]
[]
["Os K's foram calculados através de fórmulas estabelecidas pelo Acórdão 1787/2011. Os parâmetros utilizados foram estabelecidos pela Nota Técnica Conjunta nº 01/2012/SIP/SAF da Agência Nacional de Águas. "]
[]
[]
["DETALHAMENTO DO FATOR K"]
["ES - ENCARGOS SOCIAIS*",{"$nulls":4}," (Percentual para composição do fator K1 - Equipe Permanente)",{"v":0,"d":"0.00%"}]
["ESA - ENCARGOS SOCIAIS SOBRE RPA",{"$nulls":4},"(Percentual para composição do fator K2 - Equipe de Consultores)",{"v":0,"d":"0.00%"}]
["ARDF - ADMINISTRAÇÃO, RISCO E DESPESAS FINANCEIRAS",{"$nulls":4},"(Conforme Regime Tributário da Proponente)",{"v":0,"d":"0.00%"}]
["L - LUCRO",{"$nulls":5},{"v":0,"d":"0.00%"}]
["DFL - DESPESAS FISCAIS LEGAIS",{"$nulls":5},{"$f":"(1/(1-(E18+E19+E20))-1)","v":{"v":0,"d":"0.00%"}}]
["DFL=(PIS+COFINS+ISS)/(1-PIS+COFINS+ISS)"]
["PIS ",{"$nulls":3},{"v":0,"d":"0.00%"}]
["COFINS",{"$nulls":3},{"v":0,"d":"0.00%"}]
["ISS",{"$nulls":3},{"v":0,"d":"0.00%"}]
[]
["K1","Permanente","K1 = [(1+ES+ARDF)*(1+L)*(1+DFL)]",{"$nulls":3},{"$f":"(1+G12+G14)*(1+G15)*(1+G16)","v":{"v":1,"d":"1.00"}}]
["K2","Consultores","K2 = [(1+ESA+ARDF)*(1+L)*(1+DFL)]",{"$nulls":3},{"$f":"(1+G13+G14)*(1+G15)*(1+G16)","v":{"v":1,"d":"1.00"}}]
["K3","Serviço de Apoio Técnico","K3 = [(1+ARDF)*(1+L)*(1+DFL)]",{"$nulls":3},{"$f":"(1+G14)*(1+G15)*(1+G16)","v":{"v":1,"d":"1.00"}}]
["K4","Despesas diretas","K4 = (1+L)*(1+DFL)",{"$nulls":3},{"$f":"(1+G15)*(1+G16)","v":{"v":1,"d":"1.00"}}]

{"sheet":"P1","index":8,"n_rows":47,"n_cols":11,"rows_kept":47,"merged":[[4,5,4,6],[46,0,46,4],[49,1,49,10],[50,1,50,10],[51,1,51,10],[53,0,53,4],[53,5,53,8],[54,0,54,4],[54,5,54,8],[55,0,55,4],[55,5,55,8]]}
["Produto 1:",null,"Plano de Trabalho",{"$nulls":6},"Data:",{"$f":"'Dados Básicos do município'!H4","v":"Inserir a data"}]
["Comitê:",null,{"$f":"'Dados Básicos do município'!B5","v":"CBH-DOCE"}]
["Município:",null,{"$f":"'Dados Básicos do município'!B6","v":"São Geraldo do Baixio/Minas Gerais"}]
[]
["Item","Código","Data-Base","Órgão","Descrição","Custo unitário \n(R$)",null,"Quantitativo","Custo total\n(R$)","Custo total com K \n(R$)","Peso\n(%)"]
[1,"EQUIPE TÉCNICA",{"$nulls":7},{"$f":"J8","v":{"v":0,"d":"0.00"}},{"$f":"IF(J6=0,0,J6/$J$47)","v":{"v":0,"d":"0.00%"}}]
[]
["1.1","PERMANENTE",{"$nulls":7},{"$f":"SUM(J9:J11)","v":{"v":0,"d":"0.00"}},{"$f":"SUM(K9:K11)","v":{"v":0,"d":"0.00%"}}]
["a)",{"$f":"Custos!E13","v":"preencher"},{"$f":"Custos!G13","v":"preencher"},{"$f":"Custos!$D$13","v":"preencher"},{"$f":"Custos!B13","v":"Engenheiro Coordenador"},null,"hora",{"v":9.586859798714006,"d":"9.59"},{"$f":"H9*F9","v":{"v":0,"d":"0.00"}},{"$f":"I9*K!$G$23","v":{"v":0,"d":"0.00"}},{"$f":"IF(J9=0,\"\",J9/$J$47)","v":""}]
["b)",{"$f":"Custos!E14","v":"preencher"},{"$f":"Custos!G14","v":"preencher"},{"$f":"Custos!D14","v":"preencher"},{"$f":"Custos!B14","v":"Engenheiro de Projetos Pleno"},null,"hora",{"v":6.391239865809338,"d":"6.39"},{"$f":"H10*F10","v":{"v":0,"d":"0.00"}},{"$f":"I10*K!$G$23","v":{"v":0,"d":"0.00"}},{"$f":"IF(J10=0,\"\",J10/$J$47)","v":""}]
["e)",{"$f":"Custos!E15","v":"preencher"},{"$f":"Custos!G15","v":"preencher"},{"$f":"Custos!D15","v":"preencher"},{"$f":"Custos!B15","v":"Auxiliar Administrativo"},null,"hora",{"v":15.978099664523343,"d":"15.98"},{"$f":"H11*F11","v":{"v":0,"d":"0.00"}},{"$f":"I11*K!$G$23","v":{"v":0,"d":"0.00"}},""]
[]
[2,"CONSULTORES",{"$nulls":7},{"$f":"J15","v":{"v":0,"d":"0.00"}},{"$f":"IF(J13=0,0,J13/$J$47)","v":{"v":0,"d":"0.00%"}}]
[]
["2.1","CONSULTORES",{"$nulls":7},{"$f":"SUM(J16:J18)","v":{"v":0,"d":"0.00"}},{"$f":"SUM(K16:K18)","v":{"v":0,"d":"0.00%"}}]
["a)",{"$f":"Custos!E20","v":"preencher"},{"$f":"Custos!G20","v":"preencher"},{"$f":"Custos!D20","v":"preencher"},{"$f":"Custos!B20","v":"Engenheiro de Projetos (Elétrico)"},null,"hora",{"v":0,"d":"0.00"},{"$f":"H16*F16","v":{"v":0,"d":"0.00"}},{"$f":"(I16*K!$G$23)","v":{"v":0,"d":"0.00"}},{"$f":"IF(J16=0,\"\",J16/$J$47)","v":""}]
["b)",{"$f":"Custos!E21","v":"preencher"},{"$f":"Custos!G21","v":"preencher"},{"$f":"Custos!D21","v":"preencher"},{"$f":"Custos!B21","v":"Engenheiro de Projeto (Calculista)"},null,"hora",{"v":0,"d":"0.00"},{"$f":"H17*F17","v":{"v":0,"d":"0.00"}},{"$f":"(I17*K!$G$23)","v":{"v":0,"d":"0.00"}},""]
["e)",{"$f":"Custos!E22","v":"preencher"},{"$f":"Custos!G22","v":"preencher"},{"$f":"Custos!D22","v":"preencher"},{"$f":"Custos!B22","v":"Engenheiro ambiental"},null,"hora",{"v":0,"d":"0.00"},{"$f":"H18*F18","v":{"v":0,"d":"0.00"}},{"$f":"(I18*K!$G$23)","v":{"v":0,"d":"0.00"}},""]
[]
[3,"SERVIÇOS DE APOIO TÉCNICO",{"$nulls":7},{"$f":"J22+J27+J33+J37","v":{"v":0,"d":"0.00"}},{"$f":"IF(J20=0,0,J20/$J$47)","v":{"v":0,"d":"0.00%"}}]
[]
["3.1","SERVIÇOS DE TOPOGRAFIA",{"$nulls":7},{"$f":"SUM(J23:J25)","v":{"v":0,"d":"0.00"}},{"$f":"SUM(K23:K25)","v":{"v":0,"d":"0.00%"}}]
["a)",{"$f":"Custos!E33","v":"preencher"},{"$f":"Custos!G33","v":"preencher"},{"$f":"Custos!D33","v":"preencher"},{"$f":"Custos!B33","v":"Mobilização e desmobilização de equipe de topografia"},null,{"$f":"Custos!H33","v":"km"},{"v":0,"d":"0.00"},{"$f":"H23*F23","v":{"v":0,"d":"0.00"}},{"$f":"(I23*K!$G$24)","v":{"v":0,"d":"0.00"}},{"$f":"IF(J23=0,\"\",J23/$J$47)","v":""}]
["b)",{"$f":"Custos!E34","v":"preencher"},{"$f":"Custos!G34","v":"preencher"},{"$f":"Custos!D34","v":"preencher"},{"$f":"Custos!B34","v":"Equipe de topografia de campo"},null,{"$f":"Custos!H34","v":"mês"},{"v":0,"d":"0.00"},{"$f":"H24*F24","v":{"v":0,"d":"0.00"}},{"$f":"(I24*K!$G$24)","v":{"v":0,"d":"0.00"}},""]
["c)",{"$f":"Custos!E35","v":"preencher"},{"$f":"Custos!G35","v":"preencher"},{"$f":"Custos!D35","v":"preencher"},{"$f":"Custos!B35","v":"Equipe de topografia de escritório"},null,{"$f":"Custos!H35","v":"mês"},{"v":0,"d":"0.00"},{"$f":"H25*F25","v":{"v":0,"d":"0.00"}},{"$f":"(I25*K!$G$24)","v":{"v":0,"d":"0.00"}},""]
[]
["3.2","SERVIÇOS DE SONDAGEM",{"$nulls":7},{"$f":"SUM(J29:J31)","v":{"v":0,"d":"0.00"}},{"$f":"SUM(K29:K31)","v":{"v":0,"d":"0.00%"}}]
["a)",{"$f":"Custos!E27","v":"preencher"},{"$f":"Custos!G27","v":"preencher"},{"$f":"Custos!D27","v":"preencher"},{"$f":"Custos!B27","v":"Sondagem a percussao - mobilizacao e desmobilizacao"},null,{"$f":"Custos!H27","v":"unidade"},{"v":0,"d":"0.00"},{"$f":"H28*F28","v":{"v":0,"d":"0.00"}},{"$f":"(I28*K!$G$24)","v":{"v":0,"d":"0.00"}},{"$f":"IF(J28=0,\"\",J28/$J$47)","v":""}]
["b)",{"$f":"Custos!E28","v":"preencher"},{"$f":"Custos!G28","v":"preencher"},{"$f":"Custos!D28","v":"preencher"},{"$f":"Custos!B28","v":"Sondagem a percussao - adicional de mobilizacao e desmobilizacao"},null,{"$f":"Custos!H28","v":"km"},{"v":0,"d":"0.00"},{"$f":"H29*F29","v":{"v":0,"d":"0.00"}},{"$f":"(I29*K!$G$24)","v":{"v":0,"d":"0.00"}},""]
["c)",{"$f":"Custos!E29","v":"preencher"},{"$f":"Custos!G29","v":"preencher"},{"$f":"Custos!D29","v":"preencher"},{"$f":"Custos!B29","v":"Sondagem a percussao - instalacao por furo"},null,{"$f":"Custos!H29","v":"unidade"},{"v":0,"d":"0.00"},{"$f":"H30*F30","v":{"v":0,"d":"0.00"}},{"$f":"(I30*K!$G$24)","v":{"v":0,"d":"0.00"}},""]
["d)",{"$f":"Custos!E30","v":"preencher"},{"$f":"Custos!G30","v":"preencher"},{"$f":"Custos!D30","v":"preencher"},{"$f":"Custos!B30","v":"Sondagem a percussao ø2.1/2\" - perfuracao e retirada de amostras"},null,{"$f":"Custos!H30","v":"m"},{"v":0,"d":"0.00"},{"$f":"H31*F31","v":{"v":0,"d":"0.00"}},{"$f":"(I31*K!$G$24)","v":{"v":0,"d":"0.00"}},""]
[]
["3.3","CADASTRO TÉCNICO",{"$nulls":7},{"$f":"SUM(J34:J35)","v":{"v":0,"d":"0.00"}},{"$f":"SUM(K34:K35)","v":{"v":0,"d":"0.00%"}}]
["a)",{"$f":"Custos!E38","v":"preencher"},{"$f":"Custos!G38","v":"preencher"},{"$f":"Custos!D38","v":"preencher"},{"$f":"Custos!B38","v":"Equipe de topografia de campo"},null,{"$f":"Custos!H38","v":"mês"},{"v":0,"d":"0.000"},{"$f":"H34*F34","v":{"v":0,"d":"0.00"}},{"$f":"(I34*K!$G$24)","v":{"v":0,"d":"0.00"}},{"$f":"IF(J34=0,\"\",J34/$J$47)","v":""}]
["b)",{"$f":"Custos!E39","v":"preencher"},{"$f":"Custos!G39","v":"preencher"},{"$f":"Custos!D39","v":"preencher"},{"$f":"Custos!B39","v":"Equipe de topografia de escritório"},null,{"$f":"Custos!H39","v":"mês"},{"v":0,"d":"0.000"},{"$f":"H35*F35","v":{"v":0,"d":"0.00"}},{"$f":"(I35*K!$G$24)","v":{"v":0,"d":"0.00"}},""]
[]
["3.4","ANÁLISE DE ÁGUA",{"$nulls":7},{"$f":"SUM(J38:J39)","v":{"v":0,"d":"0.00"}},{"$f":"SUM(K38:K39)","v":{"v":0,"d":"0.00%"}}]
["a)",{"$f":"Custos!E44","v":"preencher"},{"$f":"Custos!G44","v":"preencher"},{"$f":"Custos!D44","v":"preencher"},{"$f":"Custos!B44","v":"Análise fisico-química da água"},null,{"$f":"Custos!H44","v":"unidade"},{"v":0,"d":"0.00"},{"$f":"H38*F38","v":{"v":0,"d":"0.00"}},{"$f":"(I38*K!$G$24)","v":{"v":0,"d":"0.00"}},{"$f":"IF(J38=0,\"\",J38/$J$47)","v":""}]
["b)",{"$f":"Custos!E45","v":"preencher"},{"$f":"Custos!G45","v":"preencher"},{"$f":"Custos!D45","v":"preencher"},{"$f":"Custos!B45","v":"Analise bactereologica da água"},null,{"$f":"Custos!H45","v":"unidade"},{"v":0,"d":"0.00"},{"$f":"H39*F39","v":{"v":0,"d":"0.00"}},{"$f":"(I39*K!$G$24)","v":{"v":0,"d":"0.00"}},""]
["4.","DESPESAS DIVERSAS",{"$nulls":7},{"$f":"J42","v":{"v":0,"d":"0.00"}},{"$f":"IF(J40=0,0,J40/$J$47)","v":{"v":0,"d":"0.00%"}}]
[]
["4.1","OUTRAS DESPESAS",{"$nulls":7},{"$f":"SUM(J43:J45)","v":{"v":0,"d":"0.00"}},{"$f":"SUM(K43:K45)","v":{"v":0,"d":"0.00%"}}]
["a)",{"$f":"Custos!F47","v":"-"},{"$f":"Custos!G47","v":"preencher"},{"$f":"Custos!D47","v":"preencher"},{"$f":"Custos!B47","v":"Veículo tipo pick-up 4X4"},null,"R$/dia",{"v":0,"d":"0.00"},{"$f":"H43*F43","v":{"v":0,"d":"0.00"}},{"$f":"(I43*K!$G$25)","v":{"v":0,"d":"0.00"}},{"$f":"IF(J43=0,\"\",J43/$J$47)","v":""}]
["b)",{"$f":"Custos!F48","v":"-"},{"$f":"Custos!G48","v":"preencher"},{"$f":"Custos!D48","v":"preencher"},{"$f":"Custos!B48","v":"Refeições"},null,{"$f":"Custos!H48","v":"unidade"},{"v":0,"d":"0.00"},{"$f":"H44*F44","v":{"v":0,"d":"0.00"}},{"$f":"(I44*K!$G$25)","v":{"v":0,"d":"0.00"}},""]
["c)",{"$f":"Custos!F49","v":"-"},{"$f":"Custos!G49","v":"preencher"},{"$f":"Custos!D49","v":"preencher"},{"$f":"Custos!B49","v":"Diárias"},null,{"$f":"Custos!H49","v":"unidade"},{"v":0,"d":"0.00"},{"$f":"H45*F45","v":{"v":0,"d":"0.00"}},{"$f":"(I45*K!$G$25)","v":{"v":0,"d":"0.00"}},""]
[]
["VALOR TOTAL - Inclusos K's",{"$nulls":7},"R$",{"$f":"ROUND((J6+J13+J20+J40),2)","v":{"v":0,"d":"0.00"}},{"$f":"K6+K13+K20+K40","v":{"v":0,"d":"0.00%"}}]

{"sheet":"P2","index":9,"n_rows":47,"n_cols":11,"rows_kept":47,"merged":[[4,5,4,6],[46,0,46,4],[49,1,49,10],[50,1,50,10],[51,1,51,10],[53,0,53,4],[53,5,53,8],[54,0,54,4],[54,5,54,8],[55,0,55,4],[55,5,55,8]]}
["Produto 2:",null,"Cadastro Técnico",{"$nulls":6},"Data:",{"$f":"'Dados Básicos do município'!H4","v":"Inserir a data"}]
["Comitê:",null,{"$f":"'Dados Básicos do município'!B5","v":"CBH-DOCE"}]
["Município:",null,{"$f":"'Dados Básicos do município'!B6","v":"São Geraldo do Baixio/Minas Gerais"}]
[]
["Item","Código","Data-Base","Órgão","Descrição","Custo unitário \n(R$)",null,"Quantitativo","Custo total\n(R$)","Custo total com K \n(R$)","Peso\n(%)"]
[1,"EQUIPE TÉCNICA",{"$nulls":7},{"$f":"J8","v":{"v":0,"d":"0.00"}},{"$f":"IF(J6=0,0,J6/$J$47)","v":{"v":0,"d":"0.00%"}}]
[]
["1.1","PERMANENTE",{"$nulls":7},{"$f":"SUM(J9:J11)","v":{"v":0,"d":"0.00"}},{"$f":"SUM(K9:K11)","v":{"v":0,"d":"0.00%"}}]
["a)",{"$f":"'P1'!B9","v":"preencher"},{"$f":"Custos!G13","v":"preencher"},{"$f":"Custos!$D$13","v":"preencher"},{"$f":"Custos!B13","v":"Engenheiro Coordenador"},null,"hora",{"v":3.195619932904669,"d":"3.20"},{"$f":"H9*F9","v":{"v":0,"d":"0.00"}},{"$f":"(I9*K!$G$23)","v":{"v":0,"d":"0.00"}},{"$f":"IF(J9=0,\"\",J9/$J$47)","v":""}]
["b)",{"$f":"'P1'!B10","v":"preencher"},{"$f":"Custos!G14","v":"preencher"},{"$f":"Custos!D14","v":"preencher"},{"$f":"Custos!B14","v":"Engenheiro de Projetos Pleno"},null,"hora",{"v":9.586859798714006,"d":"9.59"},{"$f":"H10*F10","v":{"v":0,"d":"0.00"}},{"$f":"(I10*K!$G$23)","v":{"v":0,"d":"0.00"}},{"$f":"IF(J10=0,\"\",J10/$J$47)","v":""}]
["c)",{"$f":"'P1'!B11","v":"preencher"},{"$f":"Custos!G15","v":"preencher"},{"$f":"Custos!D15","v":"preencher"},{"$f":"Custos!B15","v":"Auxiliar Administrativo"},null,"hora",{"v":31.956199329046687,"d":"31.96"},{"v":0,"d":"0.00"},{"$f":"(I11*K!$G$23)","v":{"v":0,"d":"0.00"}},""]
[]
[2,"CONSULTORES",{"$nulls":7},{"$f":"J15","v":{"v":0,"d":"0.00"}},{"$f":"IF(J13=0,0,J13/$J$47)","v":{"v":0,"d":"0.00%"}}]
[]
["2.1","CONSULTORES",{"$nulls":7},{"$f":"SUM(J16:J18)","v":{"v":0,"d":"0.00"}},{"$f":"SUM(K16:K18)","v":{"v":0,"d":"0.00%"}}]
["a)",{"$f":"'P1'!B16","v":"preencher"},{"$f":"Custos!G20","v":"preencher"},{"$f":"Custos!D20","v":"preencher"},{"$f":"Custos!B20","v":"Engenheiro de Projetos (Elétrico)"},null,"hora",{"v":0,"d":"0.00"},{"$f":"H16*F16","v":{"v":0,"d":"0.00"}},{"$f":"(I16*K!$G$23)","v":{"v":0,"d":"0.00"}},{"$f":"IF(J16=0,\"\",J16/$J$47)","v":""}]
["b)",{"$f":"'P1'!B17","v":"preencher"},{"$f":"Custos!G21","v":"preencher"},{"$f":"Custos!D21","v":"preencher"},{"$f":"Custos!B21","v":"Engenheiro de Projeto (Calculista)"},null,"hora",{"v":0,"d":"0.00"},{"v":0,"d":"0.00"},{"$f":"(I17*K!$G$23)","v":{"v":0,"d":"0.00"}},""]
["c)",{"$f":"'P1'!B18","v":"preencher"},{"$f":"Custos!G22","v":"preencher"},{"$f":"Custos!D22","v":"preencher"},{"$f":"Custos!B22","v":"Engenheiro ambiental"},null,"hora",{"v":0,"d":"0.00"},{"v":0,"d":"0.00"},{"$f":"(I18*K!$G$23)","v":{"v":0,"d":"0.00"}},""]
[]
[3,"SERVIÇOS DE APOIO TÉCNICO",{"$nulls":7},{"$f":"J22+J27+J33+J37","v":{"v":0,"d":"0.00"}},{"$f":"IF(J20=0,0,J20/$J$47)","v":{"v":0,"d":"0.00%"}}]
[]
["3.1","SERVIÇOS DE TOPOGRAFIA",{"$nulls":7},{"$f":"SUM(J23:J25)","v":{"v":0,"d":"0.00"}},{"$f":"SUM(K23:K25)","v":{"v":0,"d":"0.00%"}}]
["a)",{"$f":"'P1'!B23","v":"preencher"},{"$f":"Custos!G33","v":"preencher"},{"$f":"Custos!D33","v":"preencher"},{"$f":"Custos!B33","v":"Mobilização e desmobilização de equipe de topografia"},null,{"$f":"Custos!H33","v":"km"},{"v":0,"d":"0.00"},{"$f":"H23*F23","v":{"v":0,"d":"0.00"}},{"$f":"(I23*K!$G$24)","v":{"v":0,"d":"0.00"}},{"$f":"IF(J23=0,\"\",J23/$J$47)","v":""}]
["b)",{"$f":"'P1'!B24","v":"preencher"},{"$f":"Custos!G34","v":"preencher"},{"$f":"Custos!D34","v":"preencher"},{"$f":"Custos!B34","v":"Equipe de topografia de campo"},null,{"$f":"Custos!H34","v":"mês"},{"v":0,"d":"0.00"},{"v":0,"d":"0.00"},{"$f":"(I24*K!$G$24)","v":{"v":0,"d":"0.00"}},""]
["c)",{"$f":"'P1'!B25","v":"preencher"},{"$f":"Custos!G35","v":"preencher"},{"$f":"Custos!D35","v":"preencher"},{"$f":"Custos!B35","v":"Equipe de topografia de escritório"},null,{"$f":"Custos!H35","v":"mês"},{"v":0,"d":"0.00"},{"v":0,"d":"0.00"},{"$f":"(I25*K!$G$24)","v":{"v":0,"d":"0.00"}},""]
[]
["3.2","SERVIÇOS DE SONDAGEM",{"$nulls":7},{"$f":"SUM(J28:J31)","v":{"v":0,"d":"0.00"}},{"$f":"SUM(K29:K30)","v":{"v":0,"d":"0.00%"}}]
["a)",{"$f":"'P1'!B28","v":"preencher"},{"$f":"Custos!G27","v":"preencher"},{"$f":"Custos!D27","v":"preencher"},{"$f":"Custos!B27","v":"Sondagem a percussao - mobilizacao e desmobilizacao"},null,{"$f":"Custos!H27","v":"unidade"},{"v":0,"d":"0.00"},{"$f":"H28*F28","v":{"v":0,"d":"0.00"}},{"$f":"(I28*K!$G$24)","v":{"v":0,"d":"0.00"}},{"$f":"IF(J28=0,\"\",J28/$J$47)","v":""}]
["b)",{"$f":"'P1'!B29","v":"preencher"},{"$f":"Custos!G28","v":"preencher"},{"$f":"Custos!D28","v":"preencher"},{"$f":"Custos!B28","v":"Sondagem a percussao - adicional de mobilizacao e desmobilizacao"},null,{"$f":"Custos!H28","v":"km"},{"v":0,"d":"0.00"},{"v":0,"d":"0.00"},{"$f":"(I29*K!$G$24)","v":{"v":0,"d":"0.00"}},""]
["c)",{"$f":"'P1'!B30","v":"preencher"},{"$f":"Custos!G29","v":"preencher"},{"$f":"Custos!D29","v":"preencher"},{"$f":"Custos!B29","v":"Sondagem a percussao - instalacao por furo"},null,{"$f":"Custos!H29","v":"unidade"},{"v":0,"d":"0.00"},{"v":0,"d":"0.00"},{"$f":"(I30*K!$G$24)","v":{"v":0,"d":"0.00"}},""]
["d)",{"$f":"'P1'!B31","v":"preencher"},{"$f":"Custos!G30","v":"preencher"},{"$f":"Custos!D30","v":"preencher"},{"$f":"Custos!B30","v":"Sondagem a percussao ø2.1/2\" - perfuracao e retirada de amostras"},null,{"$f":"Custos!H30","v":"m"},{"v":0,"d":"0.00"},{"v":0,"d":"0.00"},{"$f":"(I31*K!$G$24)","v":{"v":0,"d":"0.00"}},""]
[]
["3.3","CADASTRO TÉCNICO",{"$nulls":7},{"$f":"SUM(J34:J35)","v":{"v":0,"d":"0.00"}},{"$f":"SUM(K34:K35)","v":{"v":0,"d":"0.00%"}}]
["a)",{"$f":"'P1'!B34","v":"preencher"},{"$f":"Custos!G38","v":"preencher"},{"$f":"Custos!D38","v":"preencher"},{"$f":"Custos!B38","v":"Equipe de topografia de campo"},null,{"$f":"Custos!H38","v":"mês"},{"v":3.1373666041088002E-3,"d":"0.003137"},{"$f":"H34*F34","v":{"v":0,"d":"0.00"}},{"$f":"(I34*K!$G$24)","v":{"v":0,"d":"0.00"}},{"$f":"IF(J34=0,\"\",J34/$J$47)","v":""}]
["b)",{"$f":"'P1'!B35","v":"preencher"},{"$f":"Custos!G39","v":"preencher"},{"$f":"Custos!D39","v":"preencher"},{"$f":"Custos!B39","v":"Equipe de topografia de escritório"},null,{"$f":"Custos!H39","v":"mês"},{"v":2.8540190837760004E-4,"d":"0.000285"},{"v":0,"d":"0.00"},{"$f":"(I35*K!$G$24)","v":{"v":0,"d":"0.00"}},""]
[]
["3.4","ANÁLISE DE ÁGUA",{"$nulls":7},{"$f":"SUM(J38:J39)","v":{"v":0,"d":"0.00"}},{"$f":"SUM(K38:K39)","v":{"v":0,"d":"0.00%"}}]
["a)",{"$f":"Custos!E44","v":"preencher"},{"$f":"Custos!G44","v":"preencher"},{"$f":"Custos!D44","v":"preencher"},{"$f":"Custos!B44","v":"Análise fisico-química da água"},null,{"$f":"Custos!H44","v":"unidade"},{"v":0,"d":"0.00"},{"$f":"H38*F38","v":{"v":0,"d":"0.00"}},{"$f":"(I38*K!$G$24)","v":{"v":0,"d":"0.00"}},{"$f":"IF(J38=0,\"\",J38/$J$47)","v":""}]
["b)",{"$f":"Custos!E45","v":"preencher"},{"$f":"Custos!G45","v":"preencher"},{"$f":"Custos!D45","v":"preencher"},{"$f":"Custos!B45","v":"Analise bactereologica da água"},null,{"$f":"Custos!H45","v":"unidade"},{"v":0,"d":"0.00"},{"$f":"H39*F39","v":{"v":0,"d":"0.00"}},{"$f":"(I39*K!$G$24)","v":{"v":0,"d":"0.00"}},""]
["4.","DESPESAS DIVERSAS",{"$nulls":7},{"$f":"J42","v":{"v":0,"d":"0.00"}},{"$f":"IF(J40=0,0,J40/$J$47)","v":{"v":0,"d":"0.00%"}}]
[]
["4.1","OUTRAS DESPESAS",{"$nulls":7},{"$f":"SUM(J43:J45)","v":{"v":0,"d":"0.00"}},{"$f":"SUM(K43:K45)","v":{"v":0,"d":"0.00%"}}]
["a)",{"$f":"Custos!F47","v":"-"},{"$f":"Custos!G47","v":"preencher"},{"$f":"Custos!D47","v":"preencher"},{"$f":"Custos!B47","v":"Veículo tipo pick-up 4X4"},null,{"$f":"'P1'!G43","v":"R$/dia"},{"v":0.5,"d":"0.50"},{"$f":"H43*F43","v":{"v":0,"d":"0.00"}},{"$f":"(I43*K!$G$25)","v":{"v":0,"d":"0.00"}},{"$f":"IF(J43=0,\"\",J43/$J$47)","v":""}]
["b)",{"$f":"Custos!F48","v":"-"},{"$f":"Custos!G48","v":"preencher"},{"$f":"Custos!D48","v":"preencher"},{"$f":"Custos!B48","v":"Refeições"},null,{"$f":"'P1'!G44","v":"unidade"},{"v":2,"d":"2.00"},{"v":0,"d":"0.00"},{"$f":"(I44*K!$G$25)","v":{"v":0,"d":"0.00"}},""]
["c)",{"$f":"Custos!F49","v":"-"},{"$f":"Custos!G49","v":"preencher"},{"$f":"Custos!D49","v":"preencher"},{"$f":"Custos!B49","v":"Diárias"},null,{"$f":"'P1'!G45","v":"unidade"},{"v":2,"d":"2.00"},{"v":0,"d":"0.00"},{"$f":"(I45*K!$G$25)","v":{"v":0,"d":"0.00"}},""]
[]
["VALOR TOTAL - Inclusos K's",{"$nulls":7},"R$",{"$f":"ROUND((J6+J13+J20+J40),2)","v":{"v":0,"d":"0.00"}},{"$f":"K6+K13+K20+K40","v":{"v":0,"d":"0.00%"}}]

{"sheet":"P3","index":10,"n_rows":47,"n_cols":11,"rows_kept":47,"merged":[[4,5,4,6],[46,0,46,4],[49,1,49,10],[50,1,50,10],[51,1,51,10],[53,0,53,4],[53,5,53,8],[54,0,54,4],[54,5,54,8],[55,0,55,4],[55,5,55,8]]}
["Produto 3:",null,"Estudo Topográfico",{"$nulls":6},"Data:",{"$f":"'Dados Básicos do município'!H4","v":"Inserir a data"}]
["Comitê:",null,{"$f":"'Dados Básicos do município'!B5","v":"CBH-DOCE"}]
["Município:",null,{"$f":"'Dados Básicos do município'!B6","v":"São Geraldo do Baixio/Minas Gerais"}]
[]
["Item","Código","Data-Base","Órgão","Descrição","Custo unitário \n(R$)",null,"Quantitativo","Custo total\n(R$)","Custo total com K \n(R$)","Peso\n(%)"]
[1,"EQUIPE TÉCNICA",{"$nulls":7},{"$f":"J8","v":{"v":0,"d":"0.00"}},{"$f":"IF(J6=0,0,J6/$J$47)","v":{"v":0,"d":"0.00%"}}]
[]
["1.1","PERMANENTE",{"$nulls":7},{"$f":"SUM(J9:J11)","v":{"v":0,"d":"0.00"}},{"$f":"SUM(K9:K11)","v":{"v":0,"d":"0.00%"}}]
["a)",{"$f":"'P1'!B9","v":"preencher"},{"$f":"Custos!G13","v":"preencher"},{"$f":"Custos!$D$13","v":"preencher"},{"$f":"Custos!B13","v":"Engenheiro Coordenador"},null,"hora",{"v":3.195619932904669,"d":"3.20"},{"$f":"H9*F9","v":{"v":0,"d":"0.00"}},{"$f":"(I9*K!$G$23)","v":{"v":0,"d":"0.00"}},{"$f":"IF(J9=0,\"\",J9/$J$47)","v":""}]
["b)",{"$f":"'P1'!B10","v":"preencher"},{"$f":"Custos!G14","v":"preencher"},{"$f":"Custos!D14","v":"preencher"},{"$f":"Custos!B14","v":"Engenheiro de Projetos Pleno"},null,"hora",{"v":9.586859798714006,"d":"9.59"},{"$f":"H10*F10","v":{"v":0,"d":"0.00"}},{"$f":"(I10*K!$G$23)","v":{"v":0,"d":"0.00"}},{"$f":"IF(J10=0,\"\",J10/$J$47)","v":""}]
["c)",{"$f":"'P1'!B11","v":"preencher"},{"$f":"Custos!G15","v":"preencher"},{"$f":"Custos!D15","v":"preencher"},{"$f":"Custos!B15","v":"Auxiliar Administrativo"},null,"hora",{"v":31.956199329046687,"d":"31.96"},{"v":0,"d":"0.00"},{"$f":"(I11*K!$G$23)","v":{"v":0,"d":"0.00"}},""]
[]
[2,"CONSULTORES",{"$nulls":7},{"$f":"J15","v":{"v":0,"d":"0.00"}},{"$f":"IF(J13=0,0,J13/$J$47)","v":{"v":0,"d":"0.00%"}}]
[]
["2.1","CONSULTORES",{"$nulls":7},{"$f":"SUM(J16:J18)","v":{"v":0,"d":"0.00"}},{"$f":"SUM(K16:K18)","v":{"v":0,"d":"0.00%"}}]
["a)",{"$f":"'P1'!B16","v":"preencher"},{"$f":"Custos!G20","v":"preencher"},{"$f":"Custos!D20","v":"preencher"},{"$f":"Custos!B20","v":"Engenheiro de Projetos (Elétrico)"},null,"hora",{"v":0,"d":"0.00"},{"$f":"H16*F16","v":{"v":0,"d":"0.00"}},{"$f":"(I16*K!$G$23)","v":{"v":0,"d":"0.00"}},{"$f":"IF(J16=0,\"\",J16/$J$47)","v":""}]
["b)",{"$f":"'P1'!B17","v":"preencher"},{"$f":"Custos!G21","v":"preencher"},{"$f":"Custos!D21","v":"preencher"},{"$f":"Custos!B21","v":"Engenheiro de Projeto (Calculista)"},null,"hora",{"v":0,"d":"0.00"},{"v":0,"d":"0.00"},{"$f":"(I17*K!$G$23)","v":{"v":0,"d":"0.00"}},""]
["c)",{"$f":"'P1'!B18","v":"preencher"},{"$f":"Custos!G22","v":"preencher"},{"$f":"Custos!D22","v":"preencher"},{"$f":"Custos!B22","v":"Engenheiro ambiental"},null,"hora",{"v":0,"d":"0.00"},{"v":0,"d":"0.00"},{"$f":"(I18*K!$G$23)","v":{"v":0,"d":"0.00"}},""]
[]
[3,"SERVIÇOS DE APOIO TÉCNICO",{"$nulls":7},{"$f":"J22+J27+J33+J37","v":{"v":0,"d":"0.00"}},{"$f":"IF(J20=0,0,J20/$J$47)","v":{"v":0,"d":"0.00%"}}]
[]
["3.1","SERVIÇOS DE TOPOGRAFIA",{"$nulls":7},{"$f":"SUM(J23:J25)","v":{"v":0,"d":"0.00"}},{"$f":"SUM(K23:K25)","v":{"v":0,"d":"0.00%"}}]
["a)",{"$f":"'P1'!B23","v":"preencher"},{"$f":"Custos!G33","v":"preencher"},{"$f":"Custos!D33","v":"preencher"},{"$f":"Custos!B33","v":"Mobilização e desmobilização de equipe de topografia"},null,{"$f":"Custos!H33","v":"km"},{"v":324,"d":"324.00"},{"$f":"H23*F23","v":{"v":0,"d":"0.00"}},{"$f":"(I23*K!$G$24)","v":{"v":0,"d":"0.00"}},{"$f":"IF(J23=0,\"\",J23/$J$47)","v":""}]
["b)",{"$f":"'P1'!B24","v":"preencher"},{"$f":"Custos!G34","v":"preencher"},{"$f":"Custos!D34","v":"preencher"},{"$f":"Custos!B34","v":"Equipe de topografia de campo"},null,{"$f":"Custos!H34","v":"mês"},{"v":6.2397737042069933E-5,"d":"0.0000624"},{"$f":"H24*F24","v":{"v":0,"d":"0.00"}},{"$f":"(I24*K!$G$24)","v":{"v":0,"d":"0.00"}},""]
["c)",{"$f":"'P1'!B25","v":"preencher"},{"$f":"Custos!G35","v":"preencher"},{"$f":"Custos!D35","v":"preencher"},{"$f":"Custos!B35","v":"Equipe de topografia de escritório"},null,{"$f":"Custos!H35","v":"mês"},{"v":3.1198868521034966E-5,"d":"0.0000312"},{"v":0,"d":"0.00"},{"$f":"(I25*K!$G$24)","v":{"v":0,"d":"0.00"}},""]
[]
["3.2","SERVIÇOS DE SONDAGEM",{"$nulls":7},{"$f":"SUM(J29:J30)","v":{"v":0,"d":"0.00"}},{"$f":"SUM(K29:K30)","v":{"v":0,"d":"0.00%"}}]
["a)",{"$f":"'P1'!B28","v":"preencher"},{"$f":"Custos!G27","v":"preencher"},{"$f":"Custos!D27","v":"preencher"},{"$f":"Custos!B27","v":"Sondagem a percussao - mobilizacao e desmobilizacao"},null,{"$f":"Custos!H27","v":"unidade"},{"v":0,"d":"0.00"},{"$f":"H28*F28","v":{"v":0,"d":"0.00"}},{"$f":"(I28*K!$G$24)","v":{"v":0,"d":"0.00"}},{"$f":"IF(J28=0,\"\",J28/$J$47)","v":""}]
["b)",{"$f":"'P1'!B29","v":"preencher"},{"$f":"Custos!G28","v":"preencher"},{"$f":"Custos!D28","v":"preencher"},{"$f":"Custos!B28","v":"Sondagem a percussao - adicional de mobilizacao e desmobilizacao"},null,{"$f":"Custos!H28","v":"km"},{"v":0,"d":"0.00"},{"$f":"H29*F29","v":{"v":0,"d":"0.00"}},{"$f":"(I29*K!$G$24)","v":{"v":0,"d":"0.00"}},""]
["c)",{"$f":"'P1'!B30","v":"preencher"},{"$f":"Custos!G29","v":"preencher"},{"$f":"Custos!D29","v":"preencher"},{"$f":"Custos!B29","v":"Sondagem a percussao - instalacao por furo"},null,{"$f":"Custos!H29","v":"unidade"},{"v":0,"d":"0.00"},{"v":0,"d":"0.00"},{"$f":"(I30*K!$G$24)","v":{"v":0,"d":"0.00"}},""]
["d)",{"$f":"'P1'!B31","v":"preencher"},{"$f":"Custos!G30","v":"preencher"},{"$f":"Custos!D30","v":"preencher"},{"$f":"Custos!B30","v":"Sondagem a percussao ø2.1/2\" - perfuracao e retirada de amostras"},null,{"$f":"Custos!H30","v":"m"},{"v":0,"d":"0.00"},{"v":0,"d":"0.00"},{"$f":"(I31*K!$G$24)","v":{"v":0,"d":"0.00"}},""]
[]
["3.3","CADASTRO TÉCNICO",{"$nulls":7},{"$f":"SUM(J34:J35)","v":{"v":0,"d":"0.00"}},{"$f":"SUM(K34:K35)","v":{"v":0,"d":"0.00%"}}]
["a)",{"$f":"'P1'!B34","v":"preencher"},{"$f":"Custos!G38","v":"preencher"},{"$f":"Custos!D38","v":"preencher"},{"$f":"Custos!B38","v":"Equipe de topografia de campo"},null,{"$f":"Custos!H38","v":"mês"},{"v":0,"d":"0.000"},{"$f":"H34*F34","v":{"v":0,"d":"0.00"}},{"$f":"(I34*K!$G$24)","v":{"v":0,"d":"0.00"}},{"$f":"IF(J34=0,\"\",J34/$J$47)","v":""}]
["b)",{"$f":"'P1'!B35","v":"preencher"},{"$f":"Custos!G39","v":"preencher"},{"$f":"Custos!D39","v":"preencher"},{"$f":"Custos!B39","v":"Equipe de topografia de escritório"},null,{"$f":"Custos!H39","v":"mês"},{"v":0,"d":"0.000"},{"$f":"H35*F35","v":{"v":0,"d":"0.00"}},{"$f":"(I35*K!$G$24)","v":{"v":0,"d":"0.00"}},""]
[]
["3.4","ANÁLISE DE ÁGUA",{"$nulls":7},{"$f":"SUM(J38:J39)","v":{"v":0,"d":"0.00"}},{"$f":"SUM(K38:K39)","v":{"v":0,"d":"0.00%"}}]
["a)",{"$f":"Custos!E44","v":"preencher"},{"$f":"Custos!G44","v":"preencher"},{"$f":"Custos!D44","v":"preencher"},{"$f":"Custos!B44","v":"Análise fisico-química da água"},null,{"$f":"Custos!H44","v":"unidade"},{"v":0,"d":"0.00"},{"$f":"H38*F38","v":{"v":0,"d":"0.00"}},{"$f":"(I38*K!$G$24)","v":{"v":0,"d":"0.00"}},{"$f":"IF(J38=0,\"\",J38/$J$47)","v":""}]
["b)",{"$f":"Custos!E45","v":"preencher"},{"$f":"Custos!G45","v":"preencher"},{"$f":"Custos!D45","v":"preencher"},{"$f":"Custos!B45","v":"Analise bactereologica da água"},null,{"$f":"Custos!H45","v":"unidade"},{"v":0,"d":"0.00"},{"$f":"H39*F39","v":{"v":0,"d":"0.00"}},{"$f":"(I39*K!$G$24)","v":{"v":0,"d":"0.00"}},""]
["4.","DESPESAS DIVERSAS",{"$nulls":7},{"$f":"J42","v":{"v":0,"d":"0.00"}},{"$f":"IF(J40=0,0,J40/$J$47)","v":{"v":0,"d":"0.00%"}}]
[]
["4.1","OUTRAS DESPESAS",{"$nulls":7},{"$f":"SUM(J43:J45)","v":{"v":0,"d":"0.00"}},{"$f":"SUM(K43:K45)","v":{"v":0,"d":"0.00%"}}]
["a)",{"$f":"Custos!F47","v":"-"},{"$f":"Custos!G47","v":"preencher"},{"$f":"Custos!D47","v":"preencher"},{"$f":"Custos!B47","v":"Veículo tipo pick-up 4X4"},null,{"$f":"'P1'!G43","v":"R$/dia"},{"v":0,"d":"0.00"},{"$f":"H43*F43","v":{"v":0,"d":"0.00"}},{"$f":"(I43*K!$G$25)","v":{"v":0,"d":"0.00"}},{"$f":"IF(J43=0,\"\",J43/$J$47)","v":""}]
["b)",{"$f":"Custos!F48","v":"-"},{"$f":"Custos!G48","v":"preencher"},{"$f":"Custos!D48","v":"preencher"},{"$f":"Custos!B48","v":"Refeições"},null,{"$f":"'P1'!G44","v":"unidade"},{"v":0,"d":"0.00"},{"$f":"H44*F44","v":{"v":0,"d":"0.00"}},{"$f":"(I44*K!$G$25)","v":{"v":0,"d":"0.00"}},""]
["c)",{"$f":"Custos!F49","v":"-"},{"$f":"Custos!G49","v":"preencher"},{"$f":"Custos!D49","v":"preencher"},{"$f":"Custos!B49","v":"Diárias"},null,{"$f":"'P1'!G45","v":"unidade"},{"v":0,"d":"0.00"},{"v":0,"d":"0.00"},{"$f":"(I45*K!$G$25)","v":{"v":0,"d":"0.00"}},""]
[]
["VALOR TOTAL - Inclusos K's",{"$nulls":7},"R$",{"$f":"ROUND((J6+J13+J20+J40),2)","v":{"v":0,"d":"0.00"}},{"$f":"K6+K13+K20+K40","v":{"v":0,"d":"0.00%"}}]

{"sheet":"P4","index":11,"n_rows":47,"n_cols":11,"rows_kept":47,"merged":[[4,5,4,6],[46,0,46,4],[49,1,49,10],[50,1,50,10],[51,1,51,10],[53,0,53,4],[53,5,53,8],[54,0,54,4],[54,5,54,8],[55,0,55,4],[55,5,55,8]]}
["Produto 4:",null,"Estudo de Concepção",{"$nulls":6},"Data:",{"$f":"'Dados Básicos do município'!H4","v":"Inserir a data"}]
["Comitê:",null,{"$f":"'Dados Básicos do município'!B5","v":"CBH-DOCE"}]
["Município:",null,{"$f":"'Dados Básicos do município'!B6","v":"São Geraldo do Baixio/Minas Gerais"}]
[]
["Item","Código","Data-Base","Órgão","Descrição","Custo unitário \n(R$)",null,"Quantitativo","Custo total\n(R$)","Custo total com K \n(R$)","Peso\n(%)"]
[1,"EQUIPE TÉCNICA",{"$nulls":7},{"$f":"J8","v":{"v":0,"d":"0.00"}},{"$f":"IF(J6=0,0,J6/$J$47)","v":{"v":0,"d":"0.00%"}}]
[]
["1.1","PERMANENTE",{"$nulls":7},{"$f":"SUM(J9:J11)","v":{"v":0,"d":"0.00"}},{"$f":"SUM(K9:K11)","v":{"v":0,"d":"0.00%"}}]
["a)",{"$f":"'P1'!B9","v":"preencher"},{"$f":"Custos!G13","v":"preencher"},{"$f":"Custos!$D$13","v":"preencher"},{"$f":"Custos!B13","v":"Engenheiro Coordenador"},null,"hora",{"v":19.17371959742801,"d":"19.17"},{"$f":"H9*F9","v":{"v":0,"d":"0.00"}},{"$f":"(I9*K!$G$23)","v":{"v":0,"d":"0.00"}},{"$f":"IF(J9=0,\"\",J9/$J$47)","v":""}]
["b)",{"$f":"'P1'!B10","v":"preencher"},{"$f":"Custos!G14","v":"preencher"},{"$f":"Custos!D14","v":"preencher"},{"$f":"Custos!B14","v":"Engenheiro de Projetos Pleno"},null,"hora",{"v":19.17371959742801,"d":"19.17"},{"$f":"H10*F10","v":{"v":0,"d":"0.00"}},{"$f":"(I10*K!$G$23)","v":{"v":0,"d":"0.00"}},{"$f":"IF(J10=0,\"\",J10/$J$47)","v":""}]
["c)",{"$f":"'P1'!#REF!","v":{"$error":"#REF!"}},{"$f":"Custos!G15","v":"preencher"},{"$f":"Custos!D15","v":"preencher"},{"$f":"Custos!B15","v":"Auxiliar Administrativo"},null,"hora",{"v":63.91239865809337,"d":"63.91"},{"v":0,"d":"0.00"},{"$f":"(I11*K!$G$23)","v":{"v":0,"d":"0.00"}},""]
[]
[2,"CONSULTORES",{"$nulls":7},{"$f":"J15","v":{"v":0,"d":"0.00"}},{"$f":"IF(J13=0,0,J13/$J$47)","v":{"v":0,"d":"0.00%"}}]
[]
["2.1","CONSULTORES",{"$nulls":7},{"$f":"SUM(J16:J18)","v":{"v":0,"d":"0.00"}},{"$f":"SUM(K16:K18)","v":{"v":0,"d":"0.00%"}}]
["a)",{"$f":"'P1'!B16","v":"preencher"},{"$f":"Custos!G20","v":"preencher"},{"$f":"Custos!D20","v":"preencher"},{"$f":"Custos!B20","v":"Engenheiro de Projetos (Elétrico)"},null,"hora",{"v":0,"d":"0.00"},{"$f":"H16*F16","v":{"v":0,"d":"0.00"}},{"$f":"(I16*K!$G$23)","v":{"v":0,"d":"0.00"}},{"$f":"IF(J16=0,\"\",J16/$J$47)","v":""}]
["b)",{"$f":"'P1'!B17","v":"preencher"},{"$f":"Custos!G21","v":"preencher"},{"$f":"Custos!D21","v":"preencher"},{"$f":"Custos!B21","v":"Engenheiro de Projeto (Calculista)"},null,"hora",{"v":0,"d":"0.00"},{"v":0,"d":"0.00"},{"$f":"(I17*K!$G$23)","v":{"v":0,"d":"0.00"}},{"$f":"IF(J17=0,\"\",J17/$J$47)","v":""}]
["c)",{"$f":"'P1'!B18","v":"preencher"},{"$f":"Custos!G22","v":"preencher"},{"$f":"Custos!D22","v":"preencher"},{"$f":"Custos!B22","v":"Engenheiro ambiental"},null,"hora",{"v":0,"d":"0.00"},{"v":0,"d":"0.00"},{"$f":"(I18*K!$G$23)","v":{"v":0,"d":"0.00"}},""]
[]
[3,"SERVIÇOS DE APOIO TÉCNICO",{"$nulls":7},{"$f":"J22+J27+J33+J37","v":{"v":0,"d":"0.00"}},{"$f":"IF(J20=0,0,J20/$J$47)","v":{"v":0,"d":"0.00%"}}]
[]
["3.1","SERVIÇOS DE TOPOGRAFIA",{"$nulls":7},{"$f":"SUM(J23:J25)","v":{"v":0,"d":"0.00"}},{"$f":"SUM(K23:K25)","v":{"v":0,"d":"0.00%"}}]
["a)",{"$f":"'P1'!B23","v":"preencher"},{"$f":"Custos!G33","v":"preencher"},{"$f":"Custos!D33","v":"preencher"},{"$f":"Custos!B33","v":"Mobilização e desmobilização de equipe de topografia"},null,{"$f":"Custos!H33","v":"km"},{"v":0,"d":"0.00"},{"$f":"H23*F23","v":{"v":0,"d":"0.00"}},{"$f":"(I23*K!$G$24)","v":{"v":0,"d":"0.00"}},{"$f":"IF(J23=0,\"\",J23/$J$47)","v":""}]
["b)",{"$f":"'P1'!B24","v":"preencher"},{"$f":"Custos!G34","v":"preencher"},{"$f":"Custos!D34","v":"preencher"},{"$f":"Custos!B34","v":"Equipe de topografia de campo"},null,{"$f":"Custos!H34","v":"mês"},{"v":0,"d":"0.00"},{"v":0,"d":"0.00"},{"$f":"(I24*K!$G$24)","v":{"v":0,"d":"0.00"}},""]
["c)",{"$f":"'P1'!B25","v":"preencher"},{"$f":"Custos!G35","v":"preencher"},{"$f":"Custos!D35","v":"preencher"},{"$f":"Custos!B35","v":"Equipe de topografia de escritório"},null,{"$f":"Custos!H35","v":"mês"},{"v":0,"d":"0.00"},{"v":0,"d":"0.00"},{"$f":"(I25*K!$G$24)","v":{"v":0,"d":"0.00"}},""]
[]
["3.2","SERVIÇOS DE SONDAGEM",{"$nulls":7},{"$f":"SUM(J28:J31)","v":{"v":0,"d":"0.00"}},{"$f":"SUM(K28:K31)","v":{"v":0,"d":"0.00%"}}]
["a)",{"$f":"'P1'!B28","v":"preencher"},{"$f":"Custos!G27","v":"preencher"},{"$f":"Custos!D27","v":"preencher"},{"$f":"Custos!B27","v":"Sondagem a percussao - mobilizacao e desmobilizacao"},null,{"$f":"Custos!H27","v":"unidade"},{"v":0,"d":"0.00"},{"$f":"H28*F28","v":{"v":0,"d":"0.00"}},{"$f":"(I28*K!$G$24)","v":{"v":0,"d":"0.00"}},{"$f":"IF(J28=0,\"\",J28/$J$47)","v":""}]
["b)",{"$f":"'P1'!B29","v":"preencher"},{"$f":"Custos!G28","v":"preencher"},{"$f":"Custos!D28","v":"preencher"},{"$f":"Custos!B28","v":"Sondagem a percussao - adicional de mobilizacao e desmobilizacao"},null,{"$f":"Custos!H28","v":"km"},{"v":0,"d":"0.00"},{"v":0,"d":"0.00"},{"$f":"(I29*K!$G$24)","v":{"v":0,"d":"0.00"}},""]
["c)",{"$f":"'P1'!B30","v":"preencher"},{"$f":"Custos!G29","v":"preencher"},{"$f":"Custos!D29","v":"preencher"},{"$f":"Custos!B29","v":"Sondagem a percussao - instalacao por furo"},null,{"$f":"Custos!H29","v":"unidade"},{"v":0,"d":"0.00"},{"v":0,"d":"0.00"},{"$f":"(I30*K!$G$24)","v":{"v":0,"d":"0.00"}},""]
["d)",{"$f":"'P1'!B31","v":"preencher"},{"$f":"Custos!G30","v":"preencher"},{"$f":"Custos!D30","v":"preencher"},{"$f":"Custos!B30","v":"Sondagem a percussao ø2.1/2\" - perfuracao e retirada de amostras"},null,{"$f":"Custos!H30","v":"m"},{"v":0,"d":"0.00"},{"v":0,"d":"0.00"},{"$f":"(I31*K!$G$24)","v":{"v":0,"d":"0.00"}},""]
[]
["3.3","CADASTRO TÉCNICO",{"$nulls":7},{"$f":"SUM(J34:J35)","v":{"v":0,"d":"0.00"}},{"$f":"SUM(K34:K35)","v":{"v":0,"d":"0.00%"}}]
["a)",{"$f":"'P1'!B34","v":"preencher"},{"$f":"Custos!G38","v":"preencher"},{"$f":"Custos!D38","v":"preencher"},{"$f":"Custos!B38","v":"Equipe de topografia de campo"},null,{"$f":"Custos!H38","v":"mês"},{"v":0,"d":"0.000"},{"$f":"H34*F34","v":{"v":0,"d":"0.00"}},{"$f":"(I34*K!$G$24)","v":{"v":0,"d":"0.00"}},{"$f":"IF(J34=0,\"\",J34/$J$47)","v":""}]
["b)",{"$f":"'P1'!B35","v":"preencher"},{"$f":"Custos!G39","v":"preencher"},{"$f":"Custos!D39","v":"preencher"},{"$f":"Custos!B39","v":"Equipe de topografia de escritório"},null,{"$f":"Custos!H39","v":"mês"},{"v":0,"d":"0.000"},{"v":0,"d":"0.00"},{"$f":"(I35*K!$G$24)","v":{"v":0,"d":"0.00"}},""]
[]
["3.4","ANÁLISE DE ÁGUA",{"$nulls":7},{"$f":"SUM(J38:J39)","v":{"v":0,"d":"0.00"}},{"$f":"SUM(K38:K39)","v":{"v":0,"d":"0.00%"}}]
["a)",{"$f":"Custos!E44","v":"preencher"},{"$f":"Custos!G44","v":"preencher"},{"$f":"Custos!D44","v":"preencher"},{"$f":"Custos!B44","v":"Análise fisico-química da água"},null,{"$f":"Custos!H44","v":"unidade"},{"v":1,"d":"1.00"},{"$f":"H38*F38","v":{"v":0,"d":"0.00"}},{"$f":"(I38*K!$G$24)","v":{"v":0,"d":"0.00"}},{"$f":"IF(J38=0,\"\",J38/$J$47)","v":""}]
["b)",{"$f":"Custos!E45","v":"preencher"},{"$f":"Custos!G45","v":"preencher"},{"$f":"Custos!D45","v":"preencher"},{"$f":"Custos!B45","v":"Analise bactereologica da água"},null,{"$f":"Custos!H45","v":"unidade"},{"v":1,"d":"1.00"},{"$f":"H39*F39","v":{"v":0,"d":"0.00"}},{"$f":"(I39*K!$G$24)","v":{"v":0,"d":"0.00"}},""]
["4.","DESPESAS DIVERSAS",{"$nulls":7},{"$f":"J42","v":{"v":0,"d":"0.00"}},{"$f":"IF(J40=0,0,J40/$J$47)","v":{"v":0,"d":"0.00%"}}]
[]
["4.1","OUTRAS DESPESAS",{"$nulls":7},{"$f":"SUM(J43:J45)","v":{"v":0,"d":"0.00"}},{"$f":"SUM(K43:K45)","v":{"v":0,"d":"0.00%"}}]
["c)",{"$f":"Custos!F47","v":"-"},{"$f":"Custos!G47","v":"preencher"},{"$f":"Custos!D47","v":"preencher"},{"$f":"Custos!B47","v":"Veículo tipo pick-up 4X4"},null,{"$f":"'P1'!G43","v":"R$/dia"},{"v":0.5,"d":"0.50"},{"$f":"H43*F43","v":{"v":0,"d":"0.00"}},{"$f":"(I43*K!$G$25)","v":{"v":0,"d":"0.00"}},{"$f":"IF(J43=0,\"\",J43/$J$47)","v":""}]
["d)",{"$f":"Custos!F48","v":"-"},{"$f":"Custos!G48","v":"preencher"},{"$f":"Custos!D48","v":"preencher"},{"$f":"Custos!B48","v":"Refeições"},null,{"$f":"'P1'!G44","v":"unidade"},{"v":2,"d":"2.00"},{"v":0,"d":"0.00"},{"$f":"(I44*K!$G$25)","v":{"v":0,"d":"0.00"}},""]
["e)",{"$f":"Custos!F49","v":"-"},{"$f":"Custos!G49","v":"preencher"},{"$f":"Custos!D49","v":"preencher"},{"$f":"Custos!B49","v":"Diárias"},null,{"$f":"'P1'!G45","v":"unidade"},{"v":2,"d":"2.00"},{"v":0,"d":"0.00"},{"$f":"(I45*K!$G$25)","v":{"v":0,"d":"0.00"}},""]
[]
["VALOR TOTAL - Inclusos K's",{"$nulls":7},"R$",{"$f":"ROUND((J6+J13+J20+J40),2)","v":{"v":0,"d":"0.00"}},{"$f":"K6+K13+K20+K40","v":{"v":0,"d":"0.00%"}}]

{"sheet":"P5","index":12,"n_rows":48,"n_cols":11,"rows_kept":48,"merged":[[0,3,0,10],[5,5,5,6],[47,0,47,4],[50,1,50,10],[51,1,51,10],[52,1,52,10],[54,0,54,4],[54,5,54,8],[55,0,55,4],[55,5,55,8],[56,0,56,4],[56,5,56,8]]}
[{"$nulls":3},{"$f":"'P4'!#REF!","v":{"$error":"#REF!"}}]
["Produto 5:",null,"Projeto Básico",{"$nulls":6},"Data:",{"$f":"'Dados Básicos do município'!H4","v":"Inserir a data"}]
["Comitê:",null,{"$f":"'Dados Básicos do município'!B5","v":"CBH-DOCE"}]
["Município:",null,{"$f":"'Dados Básicos do município'!B6","v":"São Geraldo do Baixio/Minas Gerais"}]
[]
["Item","Código","Data-Base","Órgão","Descrição","Custo unitário \n(R$)",null,"Quantitativo","Custo total\n(R$)","Custo total com K \n(R$)","Peso\n(%)"]
[1,"EQUIPE TÉCNICA",{"$nulls":7},{"$f":"J9","v":{"v":0,"d":"0.00"}},{"$f":"IF(J7=0,0,J7/$J$48)","v":{"v":0,"d":"0.00%"}}]
[]
["1.1","PERMANENTE",{"$nulls":7},{"$f":"SUM(J10:J12)","v":{"v":0,"d":"0.00"}},{"$f":"SUM(K10:K12)","v":{"v":0,"d":"0.00%"}}]
["a)",{"$f":"'P1'!B9","v":"preencher"},{"$f":"Custos!G13","v":"preencher"},{"$f":"Custos!$D$13","v":"preencher"},{"$f":"Custos!B13","v":"Engenheiro Coordenador"},null,"hora",{"v":25.56495946323735,"d":"25.56"},{"$f":"H10*F10","v":{"v":0,"d":"0.00"}},{"$f":"(I10*K!$G$23)","v":{"v":0,"d":"0.00"}},{"$f":"IF(J10=0,\"\",J10/$J$48)","v":""}]
["b)",{"$f":"'P1'!B10","v":"preencher"},{"$f":"Custos!G14","v":"preencher"},{"$f":"Custos!D14","v":"preencher"},{"$f":"Custos!B14","v":"Engenheiro de Projetos Pleno"},null,"hora",{"v":51.1299189264747,"d":"51.13"},{"$f":"H11*F11","v":{"v":0,"d":"0.00"}},{"$f":"(I11*K!$G$23)","v":{"v":0,"d":"0.00"}},{"$f":"IF(J11=0,\"\",J11/$J$48)","v":""}]
["c)",{"$f":"'P1'!B11","v":"preencher"},{"$f":"Custos!G15","v":"preencher"},{"$f":"Custos!D15","v":"preencher"},{"$f":"Custos!B15","v":"Auxiliar Administrativo"},null,"hora",{"v":127.82479731618675,"d":"127.82"},{"v":0,"d":"0.00"},{"$f":"(I12*K!$G$23)","v":{"v":0,"d":"0.00"}},""]
[]
[2,"CONSULTORES",{"$nulls":7},{"$f":"J16","v":{"v":0,"d":"0.00"}},{"$f":"IF(J14=0,0,J14/$J$48)","v":{"v":0,"d":"0.00%"}}]
[]
["2.1","CONSULTORES",{"$nulls":7},{"$f":"SUM(J17:J19)","v":{"v":0,"d":"0.00"}},{"$f":"SUM(K17:K19)","v":{"v":0,"d":"0.00%"}}]
["a)",{"$f":"'P1'!B16","v":"preencher"},{"$f":"Custos!G20","v":"preencher"},{"$f":"Custos!D20","v":"preencher"},{"$f":"Custos!B20","v":"Engenheiro de Projetos (Elétrico)"},null,"hora",{"v":12.782479731618675,"d":"12.78"},{"$f":"H17*F17","v":{"v":0,"d":"0.00"}},{"$f":"(I17*K!$G$23)","v":{"v":0,"d":"0.00"}},{"$f":"IF(J17=0,\"\",J17/$J$48)","v":""}]
["b)",{"$f":"'P1'!B17","v":"preencher"},{"$f":"Custos!G21","v":"preencher"},{"$f":"Custos!D21","v":"preencher"},{"$f":"Custos!B21","v":"Engenheiro de Projeto (Calculista)"},null,"hora",{"v":12.782479731618675,"d":"12.78"},{"v":0,"d":"0.00"},{"$f":"(I18*K!$G$23)","v":{"v":0,"d":"0.00"}},""]
["c)",{"$f":"'P1'!B18","v":"preencher"},{"$f":"Custos!G22","v":"preencher"},{"$f":"Custos!D22","v":"preencher"},{"$f":"Custos!B22","v":"Engenheiro ambiental"},null,"hora",{"v":0,"d":"0.00"},{"v":0,"d":"0.00"},{"$f":"(I19*K!$G$23)","v":{"v":0,"d":"0.00"}},""]
[]
[3,"SERVIÇOS DE APOIO TÉCNICO",{"$nulls":7},{"$f":"J23+J28+J34+J41","v":{"v":0,"d":"0.00"}},{"$f":"IF(J21=0,0,J21/$J$48)","v":{"v":0,"d":"0.00%"}}]
[]
["3.1","SERVIÇOS DE TOPOGRAFIA",{"$nulls":7},{"$f":"SUM(J24:J26)","v":{"v":0,"d":"0.00"}},{"$f":"SUM(K24:K26)","v":{"v":0,"d":"0.00%"}}]
["a)",{"$f":"'P1'!B23","v":"preencher"},{"$f":"Custos!G33","v":"preencher"},{"$f":"Custos!D33","v":"preencher"},{"$f":"Custos!B33","v":"Mobilização e desmobilização de equipe de topografia"},null,{"$f":"Custos!H33","v":"km"},{"v":0,"d":"0.00"},{"$f":"H24*F24","v":{"v":0,"d":"0.00"}},{"$f":"(I24*K!$G$24)","v":{"v":0,"d":"0.00"}},{"$f":"IF(J24=0,\"\",J24/$J$48)","v":""}]
["b)",{"$f":"'P1'!B24","v":"preencher"},{"$f":"Custos!G34","v":"preencher"},{"$f":"Custos!D34","v":"preencher"},{"$f":"Custos!B34","v":"Equipe de topografia de campo"},null,{"$f":"Custos!H34","v":"mês"},{"v":0,"d":"0.00"},{"v":0,"d":"0.00"},{"$f":"(I25*K!$G$24)","v":{"v":0,"d":"0.00"}},""]
["c)",{"$f":"'P1'!B25","v":"preencher"},{"$f":"Custos!G35","v":"preencher"},{"$f":"Custos!D35","v":"preencher"},{"$f":"Custos!B35","v":"Equipe de topografia de escritório"},null,{"$f":"Custos!H35","v":"mês"},{"v":0,"d":"0.00"},{"v":0,"d":"0.00"},{"$f":"(I26*K!$G$24)","v":{"v":0,"d":"0.00"}},""]
[]
["3.2","SERVIÇOS DE SONDAGEM",{"$nulls":7},{"$f":"SUM(J29:J32)","v":{"v":0,"d":"0.00"}},{"$f":"SUM(K30:K31)","v":{"v":0,"d":"0.00%"}}]
["a)",{"$f":"'P1'!B28","v":"preencher"},{"$f":"Custos!G27","v":"preencher"},{"$f":"Custos!D27","v":"preencher"},{"$f":"Custos!B27","v":"Sondagem a percussao - mobilizacao e desmobilizacao"},null,{"$f":"Custos!H27","v":"unidade"},{"v":0,"d":"0.00"},{"$f":"H29*F29","v":{"v":0,"d":"0.00"}},{"$f":"(I29*K!$G$24)","v":{"v":0,"d":"0.00"}},{"$f":"IF(J29=0,\"\",J29/$J$48)","v":""}]
["b)",{"$f":"'P1'!B29","v":"preencher"},{"$f":"Custos!G28","v":"preencher"},{"$f":"Custos!D28","v":"preencher"},{"$f":"Custos!B28","v":"Sondagem a percussao - adicional de mobilizacao e desmobilizacao"},null,{"$f":"Custos!H28","v":"km"},{"v":0,"d":"0.00"},{"v":0,"d":"0.00"},{"$f":"(I30*K!$G$24)","v":{"v":0,"d":"0.00"}},""]
["c)",{"$f":"'P1'!B30","v":"preencher"},{"$f":"Custos!G29","v":"preencher"},{"$f":"Custos!D29","v":"preencher"},{"$f":"Custos!B29","v":"Sondagem a percussao - instalacao por furo"},null,{"$f":"Custos!H29","v":"unidade"},{"v":0,"d":"0.00"},{"v":0,"d":"0.00"},{"$f":"(I31*K!$G$24)","v":{"v":0,"d":"0.00"}},""]
["d)",{"$f":"'P1'!B31","v":"preencher"},{"$f":"Custos!G30","v":"preencher"},{"$f":"Custos!D30","v":"preencher"},{"$f":"Custos!B30","v":"Sondagem a percussao ø2.1/2\" - perfuracao e retirada de amostras"},null,{"$f":"Custos!H30","v":"m"},{"v":0,"d":"0.00"},{"v":0,"d":"0.00"},{"$f":"(I32*K!$G$24)","v":{"v":0,"d":"0.00"}},""]
[]
["3.3","CADASTRO TÉCNICO",{"$nulls":7},{"$f":"SUM(J35:J36)","v":{"v":0,"d":"0.00"}},{"$f":"SUM(K35:K36)","v":{"v":0,"d":"0.00%"}}]
["a)",{"$f":"'P1'!B34","v":"preencher"},{"$f":"Custos!G38","v":"preencher"},{"$f":"Custos!D38","v":"preencher"},{"$f":"Custos!B38","v":"Equipe de topografia de campo"},null,{"$f":"Custos!H38","v":"mês"},{"v":0,"d":"0.000"},{"$f":"H35*F35","v":{"v":0,"d":"0.00"}},{"$f":"(I35*K!$G$24)","v":{"v":0,"d":"0.00"}},{"$f":"IF(J35=0,\"\",J35/$J$48)","v":""}]
["b)",{"$f":"'P1'!B35","v":"preencher"},{"$f":"Custos!G39","v":"preencher"},{"$f":"Custos!D39","v":"preencher"},{"$f":"Custos!B39","v":"Equipe de topografia de escritório"},null,{"$f":"Custos!H39","v":"mês"},{"v":0,"d":"0.000"},{"v":0,"d":"0.00"},{"$f":"(I36*K!$G$24)","v":{"v":0,"d":"0.00"}},""]
[]
["3.4","ANÁLISE DE ÁGUA",{"$nulls":7},{"$f":"SUM(J39:J40)","v":{"v":0,"d":"0.00"}},{"$f":"SUM(K39:K40)","v":{"v":0,"d":"0.00%"}}]
["a)",{"$f":"Custos!E44","v":"preencher"},{"$f":"Custos!G44","v":"preencher"},{"$f":"Custos!D44","v":"preencher"},{"$f":"Custos!B44","v":"Análise fisico-química da água"},null,{"$f":"Custos!H44","v":"unidade"},{"v":0,"d":"0.00"},{"$f":"H39*F39","v":{"v":0,"d":"0.00"}},{"$f":"(I39*K!$G$24)","v":{"v":0,"d":"0.00"}},{"$f":"IF(J39=0,\"\",J39/$J$48)","v":""}]
["b)",{"$f":"Custos!E45","v":"preencher"},{"$f":"Custos!G45","v":"preencher"},{"$f":"Custos!D45","v":"preencher"},{"$f":"Custos!B45","v":"Analise bactereologica da água"},null,{"$f":"Custos!H45","v":"unidade"},{"v":0,"d":"0.00"},{"$f":"H40*F40","v":{"v":0,"d":"0.00"}},{"$f":"(I40*K!$G$24)","v":{"v":0,"d":"0.00"}},""]
["4.","DESPESAS DIVERSAS",{"$nulls":7},{"$f":"J43","v":{"v":0,"d":"0.00"}},{"$f":"IF(J41=0,0,J41/$J$48)","v":{"v":0,"d":"0.00%"}}]
[]
["4.1","OUTRAS DESPESAS",{"$nulls":7},{"$f":"SUM(J44:J46)","v":{"v":0,"d":"0.00"}},{"$f":"SUM(K44:K46)","v":{"v":0,"d":"0.00%"}}]
["a)",{"$f":"Custos!F47","v":"-"},{"$f":"Custos!G47","v":"preencher"},{"$f":"Custos!D47","v":"preencher"},{"$f":"Custos!B47","v":"Veículo tipo pick-up 4X4"},null,{"$f":"'P1'!G43","v":"R$/dia"},{"v":0,"d":"0.00"},{"$f":"H44*F44","v":{"v":0,"d":"0.00"}},{"$f":"(I44*K!$G$25)","v":{"v":0,"d":"0.00"}},{"$f":"IF(J44=0,\"\",J44/$J$48)","v":""}]
["b)",{"$f":"Custos!F48","v":"-"},{"$f":"Custos!G48","v":"preencher"},{"$f":"Custos!D48","v":"preencher"},{"$f":"Custos!B48","v":"Refeições"},null,{"$f":"'P1'!G44","v":"unidade"},{"v":0,"d":"0.00"},{"v":0,"d":"0.00"},{"$f":"(I45*K!$G$25)","v":{"v":0,"d":"0.00"}},""]
["c)",{"$f":"Custos!F49","v":"-"},{"$f":"Custos!G49","v":"preencher"},{"$f":"Custos!D49","v":"preencher"},{"$f":"Custos!B49","v":"Diárias"},null,{"$f":"'P1'!G45","v":"unidade"},{"v":0,"d":"0.00"},{"v":0,"d":"0.00"},{"$f":"(I46*K!$G$25)","v":{"v":0,"d":"0.00"}},""]
[]
["VALOR TOTAL - Inclusos K's",{"$nulls":7},"R$",{"$f":"ROUND((J7+J14+J21+J41),2)","v":{"v":0,"d":"0.00"}},{"$f":"K7+K14+K21+K41","v":{"v":0,"d":"0.00%"}}]

{"sheet":"P6","index":13,"n_rows":47,"n_cols":11,"rows_kept":47,"merged":[[4,5,4,6],[46,0,46,4],[49,1,49,10],[50,1,50,10],[51,1,51,10],[53,0,53,4],[53,5,53,8],[54,0,54,4],[54,5,54,8],[55,0,55,4],[55,5,55,8]]}
["Produto 6:",null,"Estudo Geotécnicos",{"$nulls":6},"Data:",{"$f":"'Dados Básicos do município'!H4","v":"Inserir a data"}]
["Comitê:",null,{"$f":"'Dados Básicos do município'!B5","v":"CBH-DOCE"}]
["Município:",null,{"$f":"'Dados Básicos do município'!B6","v":"São Geraldo do Baixio/Minas Gerais"}]
[]
["Item","Código","Data-Base","Órgão","Descrição","Custo unitário \n(R$)",null,"Quantitativo","Custo total\n(R$)","Custo total com K \n(R$)","Peso\n(%)"]
[1,"EQUIPE TÉCNICA",{"$nulls":7},{"$f":"J8","v":{"v":0,"d":"0.00"}},{"$f":"IF(J6=0,0,J6/$J$47)","v":{"v":0,"d":"0.00%"}}]
[]
["1.1","PERMANENTE",{"$nulls":7},{"$f":"SUM(J9:J11)","v":{"v":0,"d":"0.00"}},{"$f":"SUM(K9:K11)","v":{"v":0,"d":"0.00%"}}]
["a)",{"$f":"'P1'!B9","v":"preencher"},{"$f":"Custos!G13","v":"preencher"},{"$f":"Custos!$D$13","v":"preencher"},{"$f":"Custos!B13","v":"Engenheiro Coordenador"},null,"hora",{"v":3.195619932904669,"d":"3.20"},{"$f":"F9*H9","v":{"v":0,"d":"0.00"}},{"$f":"(I9*K!$G$23)","v":{"v":0,"d":"0.00"}},{"$f":"IF(J9=0,\"\",J9/$J$47)","v":""}]
["b)",{"$f":"'P1'!B10","v":"preencher"},{"$f":"Custos!G14","v":"preencher"},{"$f":"Custos!D14","v":"preencher"},{"$f":"Custos!B14","v":"Engenheiro de Projetos Pleno"},null,"hora",{"v":0,"d":"0.00"},{"$f":"F10*H10","v":{"v":0,"d":"0.00"}},{"$f":"(I10*K!$G$23)","v":{"v":0,"d":"0.00"}},{"$f":"IF(J10=0,\"\",J10/$J$47)","v":""}]
["c)",{"$f":"'P1'!B11","v":"preencher"},{"$f":"Custos!G15","v":"preencher"},{"$f":"Custos!D15","v":"preencher"},{"$f":"Custos!B15","v":"Auxiliar Administrativo"},null,"hora",{"v":31.956199329046687,"d":"31.96"},{"v":0,"d":"0.00"},{"$f":"(I11*K!$G$23)","v":{"v":0,"d":"0.00"}},""]
[]
[2,"CONSULTORES",{"$nulls":7},{"$f":"J15","v":{"v":0,"d":"0.00"}},{"$f":"IF(J13=0,0,J13/$J$47)","v":{"v":0,"d":"0.00%"}}]
[]
["2.1","CONSULTORES",{"$nulls":7},{"$f":"SUM(J16:J18)","v":{"v":0,"d":"0.00"}},{"$f":"SUM(K16:K18)","v":{"v":0,"d":"0.00%"}}]
["a)",{"$f":"'P1'!B16","v":"preencher"},{"$f":"Custos!G20","v":"preencher"},{"$f":"Custos!D20","v":"preencher"},{"$f":"Custos!B20","v":"Engenheiro de Projetos (Elétrico)"},null,"hora",{"v":0,"d":"0.00"},{"$f":"F16*H16","v":{"v":0,"d":"0.00"}},{"$f":"(I16*K!$G$23)","v":{"v":0,"d":"0.00"}},{"$f":"IF(J16=0,\"\",J16/$J$47)","v":""}]
["b)",{"$f":"'P1'!B17","v":"preencher"},{"$f":"Custos!G21","v":"preencher"},{"$f":"Custos!D21","v":"preencher"},{"$f":"Custos!B21","v":"Engenheiro de Projeto (Calculista)"},null,"hora",{"v":0,"d":"0.00"},{"v":0,"d":"0.00"},{"$f":"(I17*K!$G$23)","v":{"v":0,"d":"0.00"}},""]
["c)",{"$f":"'P1'!B18","v":"preencher"},{"$f":"Custos!G22","v":"preencher"},{"$f":"Custos!D22","v":"preencher"},{"$f":"Custos!B22","v":"Engenheiro ambiental"},null,"hora",{"v":0,"d":"0.00"},{"v":0,"d":"0.00"},{"$f":"(I18*K!$G$23)","v":{"v":0,"d":"0.00"}},""]
[]
[3,"SERVIÇOS DE APOIO TÉCNICO",{"$nulls":7},{"$f":"J22+J27+J33+J37","v":{"v":0,"d":"0.00"}},{"$f":"IF(J20=0,0,J20/$J$47)","v":{"v":0,"d":"0.00%"}}]
[]
["3.1","SERVIÇOS DE TOPOGRAFIA",{"$nulls":7},{"$f":"SUM(J23:J25)","v":{"v":0,"d":"0.00"}},{"$f":"SUM(K23:K25)","v":{"v":0,"d":"0.00%"}}]
["a)",{"$f":"'P1'!B23","v":"preencher"},{"$f":"Custos!G33","v":"preencher"},{"$f":"Custos!D33","v":"preencher"},{"$f":"Custos!B33","v":"Mobilização e desmobilização de equipe de topografia"},null,{"$f":"Custos!H33","v":"km"},{"v":0,"d":"0.00"},{"$f":"F23*H23","v":{"v":0,"d":"0.00"}},{"$f":"(I23*K!$G$24)","v":{"v":0,"d":"0.00"}},{"$f":"IF(J23=0,\"\",J23/$J$47)","v":""}]
["b)",{"$f":"'P1'!B24","v":"preencher"},{"$f":"Custos!G34","v":"preencher"},{"$f":"Custos!D34","v":"preencher"},{"$f":"Custos!B34","v":"Equipe de topografia de campo"},null,{"$f":"Custos!H34","v":"mês"},{"v":0,"d":"0.00"},{"v":0,"d":"0.00"},{"$f":"(I24*K!$G$24)","v":{"v":0,"d":"0.00"}},""]
["c)",{"$f":"'P1'!B25","v":"preencher"},{"$f":"Custos!G35","v":"preencher"},{"$f":"Custos!D35","v":"preencher"},{"$f":"Custos!B35","v":"Equipe de topografia de escritório"},null,{"$f":"Custos!H35","v":"mês"},{"v":0,"d":"0.00"},{"v":0,"d":"0.00"},{"$f":"(I25*K!$G$24)","v":{"v":0,"d":"0.00"}},""]
[]
["3.2","SERVIÇOS DE SONDAGEM",{"$nulls":7},{"$f":"SUM(J28:J31)","v":{"v":0,"d":"0.00"}},{"$f":"SUM(K29:K30)","v":{"v":0,"d":"0.00%"}}]
["a)",{"$f":"'P1'!B28","v":"preencher"},{"$f":"Custos!G27","v":"preencher"},{"$f":"Custos!D27","v":"preencher"},{"$f":"Custos!B27","v":"Sondagem a percussao - mobilizacao e desmobilizacao"},null,{"$f":"Custos!H27","v":"unidade"},{"v":1,"d":"1.00"},{"$f":"F28*H28","v":{"v":0,"d":"0.00"}},{"$f":"(I28*K!$G$24)","v":{"v":0,"d":"0.00"}},{"$f":"IF(J28=0,\"\",J28/$J$47)","v":""}]
["b)",{"$f":"'P1'!B29","v":"preencher"},{"$f":"Custos!G28","v":"preencher"},{"$f":"Custos!D28","v":"preencher"},{"$f":"Custos!B28","v":"Sondagem a percussao - adicional de mobilizacao e desmobilizacao"},null,{"$f":"Custos!H28","v":"km"},{"v":324,"d":"324.00"},{"v":0,"d":"0.00"},{"$f":"(I29*K!$G$24)","v":{"v":0,"d":"0.00"}},""]
["c)",{"$f":"'P1'!B30","v":"preencher"},{"$f":"Custos!G29","v":"preencher"},{"$f":"Custos!D29","v":"preencher"},{"$f":"Custos!B29","v":"Sondagem a percussao - instalacao por furo"},null,{"$f":"Custos!H29","v":"unidade"},{"v":3,"d":"3.00"},{"v":0,"d":"0.00"},{"$f":"(I30*K!$G$24)","v":{"v":0,"d":"0.00"}},""]
["d)",{"$f":"'P1'!B31","v":"preencher"},{"$f":"Custos!G30","v":"preencher"},{"$f":"Custos!D30","v":"preencher"},{"$f":"Custos!B30","v":"Sondagem a percussao ø2.1/2\" - perfuracao e retirada de amostras"},null,{"$f":"Custos!H30","v":"m"},{"v":30,"d":"30.00"},{"v":0,"d":"0.00"},{"$f":"(I31*K!$G$24)","v":{"v":0,"d":"0.00"}},""]
[]
["3.3","CADASTRO TÉCNICO",{"$nulls":7},{"$f":"SUM(J34:J35)","v":{"v":0,"d":"0.00"}},{"$f":"SUM(K34:K35)","v":{"v":0,"d":"0.00%"}}]
["a)",{"$f":"'P1'!B34","v":"preencher"},{"$f":"Custos!G38","v":"preencher"},{"$f":"Custos!D38","v":"preencher"},{"$f":"Custos!B38","v":"Equipe de topografia de campo"},null,{"$f":"Custos!H38","v":"mês"},{"v":0,"d":"0.000"},{"$f":"F34*H34","v":{"v":0,"d":"0.00"}},{"$f":"(I34*K!$G$24)","v":{"v":0,"d":"0.00"}},{"$f":"IF(J34=0,\"\",J34/$J$47)","v":""}]
["b)",{"$f":"'P1'!B35","v":"preencher"},{"$f":"Custos!G39","v":"preencher"},{"$f":"Custos!D39","v":"preencher"},{"$f":"Custos!B39","v":"Equipe de topografia de escritório"},null,{"$f":"Custos!H39","v":"mês"},{"v":0,"d":"0.000"},{"v":0,"d":"0.00"},{"$f":"(I35*K!$G$24)","v":{"v":0,"d":"0.00"}},""]
[]
["3.4","ANÁLISE DE ÁGUA",{"$nulls":7},{"$f":"SUM(J38:J39)","v":{"v":0,"d":"0.00"}},{"$f":"SUM(K38:K39)","v":{"v":0,"d":"0.00%"}}]
["a)",{"$f":"Custos!E44","v":"preencher"},{"$f":"Custos!G44","v":"preencher"},{"$f":"Custos!D44","v":"preencher"},{"$f":"Custos!B44","v":"Análise fisico-química da água"},null,{"$f":"Custos!H44","v":"unidade"},{"v":0,"d":"0.00"},{"$f":"H38*F38","v":{"v":0,"d":"0.00"}},{"$f":"(I38*K!$G$24)","v":{"v":0,"d":"0.00"}},{"$f":"IF(J38=0,\"\",J38/$J$47)","v":""}]
["b)",{"$f":"Custos!E45","v":"preencher"},{"$f":"Custos!G45","v":"preencher"},{"$f":"Custos!D45","v":"preencher"},{"$f":"Custos!B45","v":"Analise bactereologica da água"},null,{"$f":"Custos!H45","v":"unidade"},{"v":0,"d":"0.00"},{"$f":"H39*F39","v":{"v":0,"d":"0.00"}},{"$f":"(I39*K!$G$24)","v":{"v":0,"d":"0.00"}},""]
["4.","DESPESAS DIVERSAS",{"$nulls":7},{"$f":"J42","v":{"v":0,"d":"0.00"}},{"$f":"IF(J40=0,0,J40/$J$47)","v":{"v":0,"d":"0.00%"}}]
[]
["4.1","OUTRAS DESPESAS",{"$nulls":7},{"$f":"SUM(J43:J45)","v":{"v":0,"d":"0.00"}},{"$f":"SUM(K43:K45)","v":{"v":0,"d":"0.00%"}}]
["a)",{"$f":"Custos!F47","v":"-"},{"$f":"Custos!G47","v":"preencher"},{"$f":"Custos!D47","v":"preencher"},{"$f":"Custos!B47","v":"Veículo tipo pick-up 4X4"},null,{"$f":"'P1'!G43","v":"R$/dia"},{"v":0,"d":"0.00"},{"$f":"F43*H43","v":{"v":0,"d":"0.00"}},{"$f":"(I43*K!$G$24)","v":{"v":0,"d":"0.00"}},{"$f":"IF(J43=0,\"\",J43/$J$47)","v":""}]
["b)",{"$f":"Custos!F48","v":"-"},{"$f":"Custos!G48","v":"preencher"},{"$f":"Custos!D48","v":"preencher"},{"$f":"Custos!B48","v":"Refeições"},null,{"$f":"'P1'!G44","v":"unidade"},{"v":0,"d":"0.00"},{"v":0,"d":"0.00"},{"$f":"(I44*K!$G$24)","v":{"v":0,"d":"0.00"}},""]
["c)",{"$f":"Custos!F49","v":"-"},{"$f":"Custos!G49","v":"preencher"},{"$f":"Custos!D49","v":"preencher"},{"$f":"Custos!B49","v":"Diárias"},null,{"$f":"'P1'!G45","v":"unidade"},{"v":0,"d":"0.00"},{"v":0,"d":"0.00"},{"$f":"(I45*K!$G$24)","v":{"v":0,"d":"0.00"}},""]
[]
["VALOR TOTAL - Inclusos K's",{"$nulls":7},"R$",{"$f":"ROUND((J6+J13+J20+J40),2)","v":{"v":0,"d":"0.00"}},{"$f":"K6+K13+K20+K40","v":{"v":0,"d":"0.00%"}}]

{"sheet":"P7a","index":14,"n_rows":47,"n_cols":11,"rows_kept":47,"merged":[[4,5,4,6],[46,0,46,4],[49,1,49,10],[50,1,50,10],[51,1,51,10],[53,0,53,4],[53,5,53,8],[54,0,54,4],[54,5,54,8],[55,0,55,4],[55,5,55,8]]}
["Produto 7a:",null,"Estudos Ambientais Preliminares",{"$nulls":6},"Data:",{"$f":"'Dados Básicos do município'!H4","v":"Inserir a data"}]
["Comitê:",null,{"$f":"'Dados Básicos do município'!B5","v":"CBH-DOCE"}]
["Município:",null,{"$f":"'Dados Básicos do município'!B6","v":"São Geraldo do Baixio/Minas Gerais"}]
[]
["Item","Código","Data-Base","Órgão","Descrição","Custo unitário \n(R$)",null,"Quantitativo","Custo total\n(R$)","Custo total com K \n(R$)","Peso\n(%)"]
[1,"EQUIPE TÉCNICA",{"$nulls":7},{"$f":"J8","v":{"v":0,"d":"0.00"}},{"$f":"IF(J6=0,0,J6/$J$47)","v":{"v":0,"d":"0.00%"}}]
[]
["1.1","PERMANENTE",{"$nulls":7},{"$f":"SUM(J9:J11)","v":{"v":0,"d":"0.00"}},{"$f":"SUM(K9:K11)","v":{"v":0,"d":"0.00%"}}]
["a)",{"$f":"'P1'!B9","v":"preencher"},{"$f":"Custos!G13","v":"preencher"},{"$f":"Custos!$D$13","v":"preencher"},{"$f":"Custos!B13","v":"Engenheiro Coordenador"},null,"hora",{"v":1.5978099664523344,"d":"1.60"},{"$f":"H9*F9","v":{"v":0,"d":"0.00"}},{"$f":"(I9*K!$G$23)","v":{"v":0,"d":"0.00"}},{"$f":"IF(J9=0,\"\",J9/$J$47)","v":""}]
["b)",{"$f":"'P1'!B10","v":"preencher"},{"$f":"Custos!G14","v":"preencher"},{"$f":"Custos!D14","v":"preencher"},{"$f":"Custos!B14","v":"Engenheiro de Projetos Pleno"},null,"hora",{"v":0,"d":"0.00"},{"$f":"H10*F10","v":{"v":0,"d":"0.00"}},{"$f":"(I10*K!$G$23)","v":{"v":0,"d":"0.00"}},{"$f":"IF(J10=0,\"\",J10/$J$47)","v":""}]
["c)",{"$f":"'P1'!B11","v":"preencher"},{"$f":"Custos!G15","v":"preencher"},{"$f":"Custos!D15","v":"preencher"},{"$f":"Custos!B15","v":"Auxiliar Administrativo"},null,"hora",{"v":15.978099664523343,"d":"15.98"},{"v":0,"d":"0.00"},{"$f":"(I11*K!$G$23)","v":{"v":0,"d":"0.00"}},""]
[]
[2,"CONSULTORES",{"$nulls":7},{"$f":"J15","v":{"v":0,"d":"0.00"}},{"$f":"IF(J13=0,0,J13/$J$47)","v":{"v":0,"d":"0.00%"}}]
[]
["2.1","CONSULTORES",{"$nulls":7},{"$f":"SUM(J16:J18)","v":{"v":0,"d":"0.00"}},{"$f":"SUM(K16:K18)","v":{"v":0,"d":"0.00%"}}]
["a)",{"$f":"'P1'!B16","v":"preencher"},{"$f":"Custos!G20","v":"preencher"},{"$f":"Custos!D20","v":"preencher"},{"$f":"Custos!B20","v":"Engenheiro de Projetos (Elétrico)"},null,"hora",{"v":0,"d":"0.00"},{"$f":"H16*F16","v":{"v":0,"d":"0.00"}},{"$f":"(I16*K!$G$23)","v":{"v":0,"d":"0.00"}},{"$f":"IF(J16=0,\"\",J16/$J$47)","v":""}]
["b)",{"$f":"'P1'!B17","v":"preencher"},{"$f":"Custos!G21","v":"preencher"},{"$f":"Custos!D21","v":"preencher"},{"$f":"Custos!B21","v":"Engenheiro de Projeto (Calculista)"},null,"hora",{"v":0,"d":"0.00"},{"v":0,"d":"0.00"},{"$f":"(I17*K!$G$23)","v":{"v":0,"d":"0.00"}},""]
["c)",{"$f":"'P1'!B18","v":"preencher"},{"$f":"Custos!G22","v":"preencher"},{"$f":"Custos!D22","v":"preencher"},{"$f":"Custos!B22","v":"Engenheiro ambiental"},null,"hora",{"v":15.978099664523343,"d":"15.98"},{"v":0,"d":"0.00"},{"$f":"(I18*K!$G$23)","v":{"v":0,"d":"0.00"}},""]
[]
[3,"SERVIÇOS DE APOIO TÉCNICO",{"$nulls":7},{"$f":"J22+J27+J33+J37","v":{"v":0,"d":"0.00"}},{"$f":"IF(J20=0,0,J20/$J$47)","v":{"v":0,"d":"0.00%"}}]
[]
["3.1","SERVIÇOS DE TOPOGRAFIA",{"$nulls":7},{"$f":"SUM(J23:J25)","v":{"v":0,"d":"0.00"}},{"$f":"SUM(K23:K25)","v":{"v":0,"d":"0.00%"}}]
["a)",{"$f":"'P1'!B23","v":"preencher"},{"$f":"Custos!G33","v":"preencher"},{"$f":"Custos!D33","v":"preencher"},{"$f":"Custos!B33","v":"Mobilização e desmobilização de equipe de topografia"},null,{"$f":"Custos!H33","v":"km"},{"v":0,"d":"0.00"},{"$f":"H23*F23","v":{"v":0,"d":"0.00"}},{"$f":"(I23*K!$G$24)","v":{"v":0,"d":"0.00"}},{"$f":"IF(J23=0,\"\",J23/$J$47)","v":""}]
["b)",{"$f":"'P1'!B24","v":"preencher"},{"$f":"Custos!G34","v":"preencher"},{"$f":"Custos!D34","v":"preencher"},{"$f":"Custos!B34","v":"Equipe de topografia de campo"},null,{"$f":"Custos!H34","v":"mês"},{"v":0,"d":"0.00"},{"v":0,"d":"0.00"},{"$f":"(I24*K!$G$24)","v":{"v":0,"d":"0.00"}},""]
["c)",{"$f":"'P1'!B25","v":"preencher"},{"$f":"Custos!G35","v":"preencher"},{"$f":"Custos!D35","v":"preencher"},{"$f":"Custos!B35","v":"Equipe de topografia de escritório"},null,{"$f":"Custos!H35","v":"mês"},{"v":0,"d":"0.00"},{"v":0,"d":"0.00"},{"$f":"(I25*K!$G$24)","v":{"v":0,"d":"0.00"}},""]
[]
["3.2","SERVIÇOS DE SONDAGEM",{"$nulls":7},{"$f":"SUM(J29:J30)","v":{"v":0,"d":"0.00"}},{"$f":"SUM(K29:K30)","v":{"v":0,"d":"0.00%"}}]
["a)",{"$f":"'P1'!B28","v":"preencher"},{"$f":"Custos!G27","v":"preencher"},{"$f":"Custos!D27","v":"preencher"},{"$f":"Custos!B27","v":"Sondagem a percussao - mobilizacao e desmobilizacao"},null,{"$f":"Custos!H27","v":"unidade"},{"v":0,"d":"0.00"},{"$f":"H28*F28","v":{"v":0,"d":"0.00"}},{"$f":"(I28*K!$G$24)","v":{"v":0,"d":"0.00"}},{"$f":"IF(J28=0,\"\",J28/$J$47)","v":""}]
["b)",{"$f":"'P1'!B29","v":"preencher"},{"$f":"Custos!G28","v":"preencher"},{"$f":"Custos!D28","v":"preencher"},{"$f":"Custos!B28","v":"Sondagem a percussao - adicional de mobilizacao e desmobilizacao"},null,{"$f":"Custos!H28","v":"km"},{"v":0,"d":"0.00"},{"v":0,"d":"0.00"},{"$f":"(I29*K!$G$24)","v":{"v":0,"d":"0.00"}},""]
["c)",{"$f":"'P1'!B30","v":"preencher"},{"$f":"Custos!G29","v":"preencher"},{"$f":"Custos!D29","v":"preencher"},{"$f":"Custos!B29","v":"Sondagem a percussao - instalacao por furo"},null,{"$f":"Custos!H29","v":"unidade"},{"v":0,"d":"0.00"},{"v":0,"d":"0.00"},{"$f":"(I30*K!$G$24)","v":{"v":0,"d":"0.00"}},""]
["d)",{"$f":"'P1'!B31","v":"preencher"},{"$f":"Custos!G30","v":"preencher"},{"$f":"Custos!D30","v":"preencher"},{"$f":"Custos!B30","v":"Sondagem a percussao ø2.1/2\" - perfuracao e retirada de amostras"},null,{"$f":"Custos!H30","v":"m"},{"v":0,"d":"0.00"},{"v":0,"d":"0.00"},{"$f":"(I31*K!$G$24)","v":{"v":0,"d":"0.00"}},""]
[]
["3.3","CADASTRO TÉCNICO",{"$nulls":7},{"$f":"SUM(J34:J35)","v":{"v":0,"d":"0.00"}},{"$f":"SUM(K34:K35)","v":{"v":0,"d":"0.00%"}}]
["a)",{"$f":"'P1'!B34","v":"preencher"},{"$f":"Custos!G38","v":"preencher"},{"$f":"Custos!D38","v":"preencher"},{"$f":"Custos!B38","v":"Equipe de topografia de campo"},null,{"$f":"Custos!H38","v":"mês"},{"v":0,"d":"0.000"},{"$f":"H34*F34","v":{"v":0,"d":"0.00"}},{"$f":"(I34*K!$G$24)","v":{"v":0,"d":"0.00"}},{"$f":"IF(J34=0,\"\",J34/$J$47)","v":""}]
["b)",{"$f":"'P1'!B35","v":"preencher"},{"$f":"Custos!G39","v":"preencher"},{"$f":"Custos!D39","v":"preencher"},{"$f":"Custos!B39","v":"Equipe de topografia de escritório"},null,{"$f":"Custos!H39","v":"mês"},{"v":0,"d":"0.000"},{"v":0,"d":"0.00"},{"$f":"(I35*K!$G$24)","v":{"v":0,"d":"0.00"}},""]
[]
["3.4","ANÁLISE DE ÁGUA",{"$nulls":7},{"$f":"SUM(J38:J39)","v":{"v":0,"d":"0.00"}},{"$f":"SUM(K38:K39)","v":{"v":0,"d":"0.00%"}}]
["a)",{"$f":"Custos!E44","v":"preencher"},{"$f":"Custos!G44","v":"preencher"},{"$f":"Custos!D44","v":"preencher"},{"$f":"Custos!B44","v":"Análise fisico-química da água"},null,{"$f":"Custos!H44","v":"unidade"},{"v":0,"d":"0.00"},{"$f":"H38*F38","v":{"v":0,"d":"0.00"}},{"$f":"(I38*K!$G$24)","v":{"v":0,"d":"0.00"}},{"$f":"IF(J38=0,\"\",J38/$J$47)","v":""}]
["b)",{"$f":"Custos!E45","v":"preencher"},{"$f":"Custos!G45","v":"preencher"},{"$f":"Custos!D45","v":"preencher"},{"$f":"Custos!B45","v":"Analise bactereologica da água"},null,{"$f":"Custos!H45","v":"unidade"},{"v":0,"d":"0.00"},{"v":0,"d":"0.00"},{"$f":"(I39*K!$G$24)","v":{"v":0,"d":"0.00"}},""]
["4.","DESPESAS DIVERSAS",{"$nulls":7},{"$f":"J42","v":{"v":0,"d":"0.00"}},{"$f":"IF(J40=0,0,J40/$J$47)","v":{"v":0,"d":"0.00%"}}]
[]
["4.1","OUTRAS DESPESAS",{"$nulls":7},{"$f":"SUM(J43:J45)","v":{"v":0,"d":"0.00"}},{"$f":"SUM(K43:K45)","v":{"v":0,"d":"0.00%"}}]
["a)",{"$f":"Custos!F47","v":"-"},{"$f":"Custos!G47","v":"preencher"},{"$f":"Custos!D47","v":"preencher"},{"$f":"Custos!B47","v":"Veículo tipo pick-up 4X4"},null,{"$f":"'P1'!G43","v":"R$/dia"},{"v":0,"d":"0.00"},{"$f":"H43*F43","v":{"v":0,"d":"0.00"}},{"$f":"(I43*K!$G$25)","v":{"v":0,"d":"0.00"}},{"$f":"IF(J43=0,\"\",J43/$J$47)","v":""}]
["b)",{"$f":"Custos!F48","v":"-"},{"$f":"Custos!G48","v":"preencher"},{"$f":"Custos!D48","v":"preencher"},{"$f":"Custos!B48","v":"Refeições"},null,{"$f":"'P1'!G44","v":"unidade"},{"v":0,"d":"0.00"},{"v":0,"d":"0.00"},{"$f":"(I44*K!$G$25)","v":{"v":0,"d":"0.00"}},""]
["c)",{"$f":"Custos!F49","v":"-"},{"$f":"Custos!G49","v":"preencher"},{"$f":"Custos!D49","v":"preencher"},{"$f":"Custos!B49","v":"Diárias"},null,{"$f":"'P1'!G45","v":"unidade"},{"v":0,"d":"0.00"},{"v":0,"d":"0.00"},{"$f":"(I45*K!$G$25)","v":{"v":0,"d":"0.00"}},""]
[]
["VALOR TOTAL - Inclusos K's",{"$nulls":7},"R$",{"$f":"ROUND((J6+J13+J20+J40),2)","v":{"v":0,"d":"0.00"}},{"$f":"K6+K13+K20+K40","v":{"v":0,"d":"0.00%"}}]

{"sheet":"P7b","index":15,"n_rows":47,"n_cols":11,"rows_kept":47,"merged":[[4,5,4,6],[46,0,46,4],[49,1,49,10],[50,1,50,10],[51,1,51,10],[53,0,53,4],[53,5,53,8],[54,0,54,4],[54,5,54,8],[55,0,55,4],[55,5,55,8]]}
["Produto 7:",null,"Estudos Ambientais Consolidados",{"$nulls":6},"Data:",{"$f":"'Dados Básicos do município'!H4","v":"Inserir a data"}]
["Comitê:",null,{"$f":"'Dados Básicos do município'!B5","v":"CBH-DOCE"}]
["Município:",null,{"$f":"'Dados Básicos do município'!B6","v":"São Geraldo do Baixio/Minas Gerais"}]
[]
["Item","Código","Data-Base","Órgão","Descrição","Custo unitário \n(R$)",null,"Quantitativo","Custo total\n(R$)","Custo total com K \n(R$)","Peso\n(%)"]
[1,"EQUIPE TÉCNICA",{"$nulls":7},{"$f":"J8","v":{"v":0,"d":"0.00"}},{"$f":"IF(J6=0,0,J6/$J$47)","v":{"v":0,"d":"0.00%"}}]
[]
["1.1","PERMANENTE",{"$nulls":7},{"$f":"SUM(J9:J11)","v":{"v":0,"d":"0.00"}},{"$f":"SUM(K9:K11)","v":{"v":0,"d":"0.00%"}}]
["a)",{"$f":"'P1'!B9","v":"preencher"},{"$f":"Custos!G13","v":"preencher"},{"$f":"Custos!$D$13","v":"preencher"},{"$f":"Custos!B13","v":"Engenheiro Coordenador"},null,"hora",{"v":3.195619932904669,"d":"3.20"},{"$f":"H9*F9","v":{"v":0,"d":"0.00"}},{"$f":"(I9*K!$G$23)","v":{"v":0,"d":"0.00"}},{"$f":"IF(J9=0,\"\",J9/$J$47)","v":""}]
["b)",{"$f":"'P1'!B10","v":"preencher"},{"$f":"Custos!G14","v":"preencher"},{"$f":"Custos!D14","v":"preencher"},{"$f":"Custos!B14","v":"Engenheiro de Projetos Pleno"},null,"hora",{"v":0,"d":"0.00"},{"$f":"H10*F10","v":{"v":0,"d":"0.00"}},{"$f":"(I10*K!$G$23)","v":{"v":0,"d":"0.00"}},{"$f":"IF(J10=0,\"\",J10/$J$47)","v":""}]
["c)",{"$f":"'P1'!B11","v":"preencher"},{"$f":"Custos!G15","v":"preencher"},{"$f":"Custos!D15","v":"preencher"},{"$f":"Custos!B15","v":"Auxiliar Administrativo"},null,"hora",{"v":31.956199329046687,"d":"31.96"},{"v":0,"d":"0.00"},{"$f":"(I11*K!$G$23)","v":{"v":0,"d":"0.00"}},""]
[]
[2,"CONSULTORES",{"$nulls":7},{"$f":"J15","v":{"v":0,"d":"0.00"}},{"$f":"J13/$J$47","v":{"$error":"#DIV/0!"}}]
[]
["2.1","CONSULTORES",{"$nulls":7},{"$f":"SUM(J16:J18)","v":{"v":0,"d":"0.00"}},{"$f":"SUM(K16:K18)","v":{"v":0,"d":"0.00%"}}]
["a)",{"$f":"'P1'!B16","v":"preencher"},{"$f":"Custos!G20","v":"preencher"},{"$f":"Custos!D20","v":"preencher"},{"$f":"Custos!B20","v":"Engenheiro de Projetos (Elétrico)"},null,"hora",{"v":0,"d":"0.00"},{"$f":"H16*F16","v":{"v":0,"d":"0.00"}},{"$f":"(I16*K!$G$23)","v":{"v":0,"d":"0.00"}},{"$f":"IF(J16=0,\"\",J16/$J$47)","v":""}]
["b)",{"$f":"'P1'!B17","v":"preencher"},{"$f":"Custos!G21","v":"preencher"},{"$f":"Custos!D21","v":"preencher"},{"$f":"Custos!B21","v":"Engenheiro de Projeto (Calculista)"},null,"hora",{"v":0,"d":"0.00"},{"v":0,"d":"0.00"},{"$f":"(I17*K!$G$23)","v":{"v":0,"d":"0.00"}},""]
["c)",{"$f":"'P1'!B18","v":"preencher"},{"$f":"Custos!G22","v":"preencher"},{"$f":"Custos!D22","v":"preencher"},{"$f":"Custos!B22","v":"Engenheiro ambiental"},null,"hora",{"v":31.956199329046687,"d":"31.96"},{"v":0,"d":"0.00"},{"$f":"(I18*K!$G$23)","v":{"v":0,"d":"0.00"}},""]
[]
[3,"SERVIÇOS DE APOIO TÉCNICO",{"$nulls":7},{"$f":"J22+J27+J33+J37","v":{"v":0,"d":"0.00"}},{"$f":"IF(J20=0,0,J20/$J$47)","v":{"v":0,"d":"0.00%"}}]
[]
["3.1","SERVIÇOS DE TOPOGRAFIA",{"$nulls":7},{"$f":"SUM(J23:J25)","v":{"v":0,"d":"0.00"}},{"$f":"SUM(K23:K25)","v":{"v":0,"d":"0.00%"}}]
["a)",{"$f":"'P1'!B23","v":"preencher"},{"$f":"Custos!G33","v":"preencher"},{"$f":"Custos!D33","v":"preencher"},{"$f":"Custos!B33","v":"Mobilização e desmobilização de equipe de topografia"},null,{"$f":"Custos!H33","v":"km"},{"v":0,"d":"0.00"},{"$f":"H23*F23","v":{"v":0,"d":"0.00"}},{"$f":"(I23*K!$G$24)","v":{"v":0,"d":"0.00"}},{"$f":"IF(J23=0,\"\",J23/$J$47)","v":""}]
["b)",{"$f":"'P1'!B24","v":"preencher"},{"$f":"Custos!G34","v":"preencher"},{"$f":"Custos!D34","v":"preencher"},{"$f":"Custos!B34","v":"Equipe de topografia de campo"},null,{"$f":"Custos!H34","v":"mês"},{"v":0,"d":"0.00"},{"v":0,"d":"0.00"},{"$f":"(I24*K!$G$24)","v":{"v":0,"d":"0.00"}},""]
["c)",{"$f":"'P1'!B25","v":"preencher"},{"$f":"Custos!G35","v":"preencher"},{"$f":"Custos!D35","v":"preencher"},{"$f":"Custos!B35","v":"Equipe de topografia de escritório"},null,{"$f":"Custos!H35","v":"mês"},{"v":0,"d":"0.00"},{"v":0,"d":"0.00"},{"$f":"(I25*K!$G$24)","v":{"v":0,"d":"0.00"}},""]
[]
["3.2","SERVIÇOS DE SONDAGEM",{"$nulls":7},{"$f":"SUM(J29:J30)","v":{"v":0,"d":"0.00"}},{"$f":"SUM(K29:K30)","v":{"v":0,"d":"0.00%"}}]
["a)",{"$f":"'P1'!B28","v":"preencher"},{"$f":"Custos!G27","v":"preencher"},{"$f":"Custos!D27","v":"preencher"},{"$f":"Custos!B27","v":"Sondagem a percussao - mobilizacao e desmobilizacao"},null,{"$f":"Custos!H27","v":"unidade"},{"v":0,"d":"0.00"},{"$f":"H28*F28","v":{"v":0,"d":"0.00"}},{"$f":"(I28*K!$G$24)","v":{"v":0,"d":"0.00"}},{"$f":"IF(J28=0,\"\",J28/$J$47)","v":""}]
["b)",{"$f":"'P1'!B29","v":"preencher"},{"$f":"Custos!G28","v":"preencher"},{"$f":"Custos!D28","v":"preencher"},{"$f":"Custos!B28","v":"Sondagem a percussao - adicional de mobilizacao e desmobilizacao"},null,{"$f":"Custos!H28","v":"km"},{"v":0,"d":"0.00"},{"v":0,"d":"0.00"},{"$f":"(I29*K!$G$24)","v":{"v":0,"d":"0.00"}},""]
["c)",{"$f":"'P1'!B30","v":"preencher"},{"$f":"Custos!G29","v":"preencher"},{"$f":"Custos!D29","v":"preencher"},{"$f":"Custos!B29","v":"Sondagem a percussao - instalacao por furo"},null,{"$f":"Custos!H29","v":"unidade"},{"v":0,"d":"0.00"},{"v":0,"d":"0.00"},{"$f":"(I30*K!$G$24)","v":{"v":0,"d":"0.00"}},""]
["d)",{"$f":"'P1'!B31","v":"preencher"},{"$f":"Custos!G30","v":"preencher"},{"$f":"Custos!D30","v":"preencher"},{"$f":"Custos!B30","v":"Sondagem a percussao ø2.1/2\" - perfuracao e retirada de amostras"},null,{"$f":"Custos!H30","v":"m"},{"v":0,"d":"0.00"},{"v":0,"d":"0.00"},{"$f":"(I31*K!$G$24)","v":{"v":0,"d":"0.00"}},""]
[]
["3.3","CADASTRO TÉCNICO",{"$nulls":7},{"$f":"SUM(J34:J35)","v":{"v":0,"d":"0.00"}},{"$f":"SUM(K34:K35)","v":{"v":0,"d":"0.00%"}}]
["a)",{"$f":"'P1'!B34","v":"preencher"},{"$f":"Custos!G38","v":"preencher"},{"$f":"Custos!D38","v":"preencher"},{"$f":"Custos!B38","v":"Equipe de topografia de campo"},null,{"$f":"Custos!H38","v":"mês"},{"v":0,"d":"0.000"},{"$f":"H34*F34","v":{"v":0,"d":"0.00"}},{"$f":"(I34*K!$G$24)","v":{"v":0,"d":"0.00"}},{"$f":"IF(J34=0,\"\",J34/$J$47)","v":""}]
["b)",{"$f":"'P1'!B35","v":"preencher"},{"$f":"Custos!G39","v":"preencher"},{"$f":"Custos!D39","v":"preencher"},{"$f":"Custos!B39","v":"Equipe de topografia de escritório"},null,{"$f":"Custos!H39","v":"mês"},{"v":0,"d":"0.000"},{"v":0,"d":"0.00"},{"$f":"(I35*K!$G$24)","v":{"v":0,"d":"0.00"}},""]
[]
["3.4","ANÁLISE DE ÁGUA",{"$nulls":7},{"$f":"SUM(J38:J39)","v":{"v":0,"d":"0.00"}},{"$f":"SUM(K38:K39)","v":{"v":0,"d":"0.00%"}}]
["a)",{"$f":"Custos!E44","v":"preencher"},{"$f":"Custos!G44","v":"preencher"},{"$f":"Custos!D44","v":"preencher"},{"$f":"Custos!B44","v":"Análise fisico-química da água"},null,{"$f":"Custos!H44","v":"unidade"},{"v":0,"d":"0.00"},{"$f":"H38*F38","v":{"v":0,"d":"0.00"}},{"$f":"(I38*K!$G$24)","v":{"v":0,"d":"0.00"}},{"$f":"IF(J38=0,\"\",J38/$J$47)","v":""}]
["b)",{"$f":"Custos!E45","v":"preencher"},{"$f":"Custos!G45","v":"preencher"},{"$f":"Custos!D45","v":"preencher"},{"$f":"Custos!B45","v":"Analise bactereologica da água"},null,{"$f":"Custos!H45","v":"unidade"},{"v":0,"d":"0.00"},{"v":0,"d":"0.00"},{"$f":"(I39*K!$G$24)","v":{"v":0,"d":"0.00"}},""]
["4.","DESPESAS DIVERSAS",{"$nulls":7},{"$f":"J42","v":{"v":0,"d":"0.00"}},{"$f":"IF(J40=0,0,J40/$J$47)","v":{"v":0,"d":"0.00%"}}]
[]
["4.1","OUTRAS DESPESAS",{"$nulls":7},{"$f":"SUM(J43:J45)","v":{"v":0,"d":"0.00"}},{"$f":"SUM(K43:K45)","v":{"v":0,"d":"0.00%"}}]
["a)",{"$f":"Custos!F47","v":"-"},{"$f":"Custos!G47","v":"preencher"},{"$f":"Custos!D47","v":"preencher"},{"$f":"Custos!B47","v":"Veículo tipo pick-up 4X4"},null,{"$f":"'P1'!G43","v":"R$/dia"},{"v":0,"d":"0.00"},{"$f":"H43*F43","v":{"v":0,"d":"0.00"}},{"$f":"ROUND((I43*K!$G$25),2)","v":{"v":0,"d":"0.00"}},{"$f":"IF(J43=0,\"\",J43/$J$47)","v":""}]
["b)",{"$f":"Custos!F48","v":"-"},{"$f":"Custos!G48","v":"preencher"},{"$f":"Custos!D48","v":"preencher"},{"$f":"Custos!B48","v":"Refeições"},null,{"$f":"'P1'!G44","v":"unidade"},{"v":0,"d":"0.00"},{"v":0,"d":"0.00"},{"$f":"ROUND((I44*K!$G$25),2)","v":{"v":0,"d":"0.00"}},""]
["c)",{"$f":"Custos!F49","v":"-"},{"$f":"Custos!G49","v":"preencher"},{"$f":"Custos!D49","v":"preencher"},{"$f":"Custos!B49","v":"Diárias"},null,{"$f":"'P1'!G45","v":"unidade"},{"v":0,"d":"0.00"},{"v":0,"d":"0.00"},{"$f":"ROUND((I45*K!$G$25),2)","v":{"v":0,"d":"0.00"}},""]
[]
["VALOR TOTAL - Inclusos K's",{"$nulls":7},"R$",{"$f":"ROUND((J6+J13+J20+J40),2)","v":{"v":0,"d":"0.00"}},{"$f":"K6+K13+K20+K40","v":{"$error":"#DIV/0!"}}]

{"sheet":"P8","index":16,"n_rows":47,"n_cols":11,"rows_kept":47,"merged":[[4,5,4,6],[46,0,46,4],[49,1,49,10],[50,1,50,10],[51,1,51,10],[53,0,53,4],[53,5,53,8],[54,0,54,4],[54,5,54,8],[55,0,55,4],[55,5,55,8]]}
["Produto 8:",null,"Projeto Executivo",{"$nulls":6},"Data:",{"$f":"'Dados Básicos do município'!H4","v":"Inserir a data"}]
["Comitê:",null,{"$f":"'Dados Básicos do município'!B5","v":"CBH-DOCE"}]
["Município:",null,{"$f":"'Dados Básicos do município'!B6","v":"São Geraldo do Baixio/Minas Gerais"}]
[]
["Item","Código","Data-Base","Órgão","Descrição","Custo unitário \n(R$)",null,"Quantitativo","Custo total\n(R$)","Custo total com K \n(R$)","Peso\n(%)"]
[1,"EQUIPE TÉCNICA",{"$nulls":7},{"$f":"J8","v":{"v":0,"d":"0.00"}},{"$f":"IF(J6=0,0,J6/$J$47)","v":{"v":0,"d":"0.00%"}}]
[]
["1.1","PERMANENTE",{"$nulls":7},{"$f":"SUM(J9:J11)","v":{"v":0,"d":"0.00"}},{"$f":"SUM(K9:K11)","v":{"v":0,"d":"0.00%"}}]
["a)",{"$f":"'P1'!B9","v":"preencher"},{"$f":"Custos!G13","v":"preencher"},{"$f":"Custos!$D$13","v":"preencher"},{"$f":"Custos!B13","v":"Engenheiro Coordenador"},null,"hora",{"v":9.586859798714006,"d":"9.59"},{"$f":"H9*F9","v":{"v":0,"d":"0.00"}},{"$f":"(I9*K!$G$23)","v":{"v":0,"d":"0.00"}},{"$f":"IF(J9=0,\"\",J9/$J$47)","v":""}]
["b)",{"$f":"'P1'!B10","v":"preencher"},{"$f":"Custos!G14","v":"preencher"},{"$f":"Custos!D14","v":"preencher"},{"$f":"Custos!B14","v":"Engenheiro de Projetos Pleno"},null,"hora",{"v":9.586859798714006,"d":"9.59"},{"$f":"H10*F10","v":{"v":0,"d":"0.00"}},{"$f":"(I10*K!$G$23)","v":{"v":0,"d":"0.00"}},{"$f":"IF(J10=0,\"\",J10/$J$47)","v":""}]
["c)",{"$f":"'P1'!B11","v":"preencher"},{"$f":"Custos!G15","v":"preencher"},{"$f":"Custos!D15","v":"preencher"},{"$f":"Custos!B15","v":"Auxiliar Administrativo"},null,"hora",{"v":95.86859798714005,"d":"95.87"},{"v":0,"d":"0.00"},{"$f":"(I11*K!$G$23)","v":{"v":0,"d":"0.00"}},""]
[]
[2,"CONSULTORES",{"$nulls":7},{"$f":"J15","v":{"v":0,"d":"0.00"}},{"$f":"IF(J13=0,0,J13/$J$47)","v":{"v":0,"d":"0.00%"}}]
[]
["2.1","CONSULTORES",{"$nulls":7},{"$f":"SUM(J16:J18)","v":{"v":0,"d":"0.00"}},{"$f":"SUM(K16:K18)","v":{"v":0,"d":"0.00%"}}]
["a)",{"$f":"'P1'!B16","v":"preencher"},{"$f":"Custos!G20","v":"preencher"},{"$f":"Custos!D20","v":"preencher"},{"$f":"Custos!B20","v":"Engenheiro de Projetos (Elétrico)"},null,"hora",{"v":43.14086909421302,"d":"43.14"},{"$f":"H16*F16","v":{"v":0,"d":"0.00"}},{"$f":"(I16*K!$G$23)","v":{"v":0,"d":"0.00"}},{"$f":"IF(J16=0,\"\",J16/$J$47)","v":""}]
["b)",{"$f":"'P1'!B17","v":"preencher"},{"$f":"Custos!G21","v":"preencher"},{"$f":"Custos!D21","v":"preencher"},{"$f":"Custos!B21","v":"Engenheiro de Projeto (Calculista)"},null,"hora",{"v":43.14086909421302,"d":"43.14"},{"v":0,"d":"0.00"},{"$f":"(I17*K!$G$23)","v":{"v":0,"d":"0.00"}},""]
["c)",{"$f":"'P1'!B18","v":"preencher"},{"$f":"Custos!G22","v":"preencher"},{"$f":"Custos!D22","v":"preencher"},{"$f":"Custos!B22","v":"Engenheiro ambiental"},null,"hora",{"v":0,"d":"0.00"},{"v":0,"d":"0.00"},{"$f":"(I18*K!$G$23)","v":{"v":0,"d":"0.00"}},""]
[]
[3,"SERVIÇOS DE APOIO TÉCNICO",{"$nulls":7},{"$f":"J22+J27+J33+J37","v":{"v":0,"d":"0.00"}},{"$f":"IF(J20=0,0,J20/$J$47)","v":{"v":0,"d":"0.00%"}}]
[]
["3.1","SERVIÇOS DE TOPOGRAFIA",{"$nulls":7},{"$f":"SUM(J23:J25)","v":{"v":0,"d":"0.00"}},{"$f":"SUM(K23:K25)","v":{"v":0,"d":"0.00%"}}]
["a)",{"$f":"'P1'!B23","v":"preencher"},{"$f":"Custos!G33","v":"preencher"},{"$f":"Custos!D33","v":"preencher"},{"$f":"Custos!B33","v":"Mobilização e desmobilização de equipe de topografia"},null,{"$f":"Custos!H33","v":"km"},{"v":0,"d":"0.00"},{"$f":"H23*F23","v":{"v":0,"d":"0.00"}},{"$f":"(I23*K!$G$24)","v":{"v":0,"d":"0.00"}},{"$f":"IF(J23=0,\"\",J23/$J$47)","v":""}]
["b)",{"$f":"'P1'!B24","v":"preencher"},{"$f":"Custos!G34","v":"preencher"},{"$f":"Custos!D34","v":"preencher"},{"$f":"Custos!B34","v":"Equipe de topografia de campo"},null,{"$f":"Custos!H34","v":"mês"},{"v":0,"d":"0.00"},{"v":0,"d":"0.00"},{"$f":"(I24*K!$G$24)","v":{"v":0,"d":"0.00"}},""]
["c)",{"$f":"'P1'!B25","v":"preencher"},{"$f":"Custos!G35","v":"preencher"},{"$f":"Custos!D35","v":"preencher"},{"$f":"Custos!B35","v":"Equipe de topografia de escritório"},null,{"$f":"Custos!H35","v":"mês"},{"v":0,"d":"0.00"},{"v":0,"d":"0.00"},{"$f":"(I25*K!$G$24)","v":{"v":0,"d":"0.00"}},""]
[]
["3.2","SERVIÇOS DE SONDAGEM",{"$nulls":7},{"$f":"SUM(J29:J30)","v":{"v":0,"d":"0.00"}},{"$f":"SUM(K29:K30)","v":{"v":0,"d":"0.00%"}}]
["a)",{"$f":"'P1'!B28","v":"preencher"},{"$f":"Custos!G27","v":"preencher"},{"$f":"Custos!D27","v":"preencher"},{"$f":"Custos!B27","v":"Sondagem a percussao - mobilizacao e desmobilizacao"},null,{"$f":"Custos!H27","v":"unidade"},{"v":0,"d":"0.00"},{"$f":"H28*F28","v":{"v":0,"d":"0.00"}},{"$f":"(I28*K!$G$24)","v":{"v":0,"d":"0.00"}},{"$f":"IF(J28=0,\"\",J28/$J$47)","v":""}]
["b)",{"$f":"'P1'!B29","v":"preencher"},{"$f":"Custos!G28","v":"preencher"},{"$f":"Custos!D28","v":"preencher"},{"$f":"Custos!B28","v":"Sondagem a percussao - adicional de mobilizacao e desmobilizacao"},null,{"$f":"Custos!H28","v":"km"},{"v":0,"d":"0.00"},{"v":0,"d":"0.00"},{"$f":"(I29*K!$G$24)","v":{"v":0,"d":"0.00"}},""]
["c)",{"$f":"'P1'!B30","v":"preencher"},{"$f":"Custos!G29","v":"preencher"},{"$f":"Custos!D29","v":"preencher"},{"$f":"Custos!B29","v":"Sondagem a percussao - instalacao por furo"},null,{"$f":"Custos!H29","v":"unidade"},{"v":0,"d":"0.00"},{"v":0,"d":"0.00"},{"$f":"(I30*K!$G$24)","v":{"v":0,"d":"0.00"}},""]
["d)",{"$f":"'P1'!B31","v":"preencher"},{"$f":"Custos!G30","v":"preencher"},{"$f":"Custos!D30","v":"preencher"},{"$f":"Custos!B30","v":"Sondagem a percussao ø2.1/2\" - perfuracao e retirada de amostras"},null,{"$f":"Custos!H30","v":"m"},{"v":0,"d":"0.00"},{"v":0,"d":"0.00"},{"$f":"(I31*K!$G$24)","v":{"v":0,"d":"0.00"}},""]
[]
["3.3","CADASTRO TÉCNICO",{"$nulls":7},{"$f":"SUM(J34:J35)","v":{"v":0,"d":"0.00"}},{"$f":"SUM(K34:K35)","v":{"v":0,"d":"0.00%"}}]
["a)",{"$f":"'P1'!B34","v":"preencher"},{"$f":"Custos!G38","v":"preencher"},{"$f":"Custos!D38","v":"preencher"},{"$f":"Custos!B38","v":"Equipe de topografia de campo"},null,{"$f":"Custos!H38","v":"mês"},{"v":0,"d":"0.000"},{"$f":"H34*F34","v":{"v":0,"d":"0.00"}},{"$f":"(I34*K!$G$24)","v":{"v":0,"d":"0.00"}},{"$f":"IF(J34=0,\"\",J34/$J$47)","v":""}]
["b)",{"$f":"'P1'!B35","v":"preencher"},{"$f":"Custos!G39","v":"preencher"},{"$f":"Custos!D39","v":"preencher"},{"$f":"Custos!B39","v":"Equipe de topografia de escritório"},null,{"$f":"Custos!H39","v":"mês"},{"v":0,"d":"0.000"},{"v":0,"d":"0.00"},{"$f":"(I35*K!$G$24)","v":{"v":0,"d":"0.00"}},""]
[]
["3.4","ANÁLISE DE ÁGUA",{"$nulls":7},{"$f":"SUM(J38:J39)","v":{"v":0,"d":"0.00"}},{"$f":"SUM(K38:K39)","v":{"v":0,"d":"0.00%"}}]
["a)",{"$f":"Custos!E44","v":"preencher"},{"$f":"Custos!G44","v":"preencher"},{"$f":"Custos!D44","v":"preencher"},{"$f":"Custos!B44","v":"Análise fisico-química da água"},null,{"$f":"Custos!H44","v":"unidade"},{"v":0,"d":"0.00"},{"$f":"H38*F38","v":{"v":0,"d":"0.00"}},{"$f":"(I38*K!$G$24)","v":{"v":0,"d":"0.00"}},{"$f":"IF(J38=0,\"\",J38/$J$47)","v":""}]
["b)",{"$f":"Custos!E45","v":"preencher"},{"$f":"Custos!G45","v":"preencher"},{"$f":"Custos!D45","v":"preencher"},{"$f":"Custos!B45","v":"Analise bactereologica da água"},null,{"$f":"Custos!H45","v":"unidade"},{"v":0,"d":"0.00"},{"v":0,"d":"0.00"},{"$f":"(I39*K!$G$24)","v":{"v":0,"d":"0.00"}},""]
["4.","DESPESAS DIVERSAS",{"$nulls":7},{"$f":"J42","v":{"v":0,"d":"0.00"}},{"$f":"IF(J40=0,0,J40/$J$47)","v":{"v":0,"d":"0.00%"}}]
[]
["4.1","OUTRAS DESPESAS",{"$nulls":7},{"$f":"SUM(J43:J45)","v":{"v":0,"d":"0.00"}},{"$f":"SUM(K43:K45)","v":{"v":0,"d":"0.00%"}}]
["a)",{"$f":"Custos!F47","v":"-"},{"$f":"Custos!G47","v":"preencher"},{"$f":"Custos!D47","v":"preencher"},{"$f":"Custos!B47","v":"Veículo tipo pick-up 4X4"},null,{"$f":"'P1'!G43","v":"R$/dia"},{"v":0,"d":"0.00"},{"$f":"H43*F43","v":{"v":0,"d":"0.00"}},{"$f":"(I43*K!$G$25)","v":{"v":0,"d":"0.00"}},{"$f":"IF(J43=0,\"\",J43/$J$47)","v":""}]
["b)",{"$f":"Custos!F48","v":"-"},{"$f":"Custos!G48","v":"preencher"},{"$f":"Custos!D48","v":"preencher"},{"$f":"Custos!B48","v":"Refeições"},null,{"$f":"'P1'!G44","v":"unidade"},{"v":0,"d":"0.00"},{"v":0,"d":"0.00"},{"$f":"(I44*K!$G$25)","v":{"v":0,"d":"0.00"}},""]
["c)",{"$f":"Custos!F49","v":"-"},{"$f":"Custos!G49","v":"preencher"},{"$f":"Custos!D49","v":"preencher"},{"$f":"Custos!B49","v":"Diárias"},null,{"$f":"'P1'!G45","v":"unidade"},{"v":0,"d":"0.00"},{"v":0,"d":"0.00"},{"$f":"(I45*K!$G$25)","v":{"v":0,"d":"0.00"}},""]
[]
["VALOR TOTAL - Inclusos K's",{"$nulls":7},"R$",{"$f":"ROUND((J6+J13+J20+J40),2)","v":{"v":0,"d":"0.00"}},{"$f":"K6+K13+K20+K40","v":{"v":0,"d":"0.00%"}}]

{"sheet":"Produto Consolidado","index":17,"n_rows":52,"n_cols":11,"rows_kept":52,"merged":[[4,5,4,6],[46,0,46,4],[49,1,49,10],[50,1,50,10],[51,1,51,10],[54,0,54,3],[54,5,54,8],[55,0,55,3],[55,5,55,8]]}
["Produto Consolidado",{"$nulls":8},"Data:",{"$f":"'Dados Básicos do município'!H4","v":"Inserir a data"}]
["Comitê:",null,{"$f":"'Dados Básicos do município'!B5","v":"CBH-DOCE"}]
["Município:",null,{"$f":"'Dados Básicos do município'!B6","v":"São Geraldo do Baixio/Minas Gerais"}]
[]
["Item","Código","Data-Base","Órgão","Descrição","Custo unitário \n(R$)",null,"Quantitativo","Custo total\n(R$)","Custo total com K \n(R$)","Peso\n(%)"]
[1,"EQUIPE TÉCNICA",{"$nulls":7},{"$f":"J8","v":{"v":0,"d":"0.00"}},{"$f":"IF(J6=0,0,J6/$J$47)","v":{"v":0,"d":"0.00%"}}]
[]
["1.1","PERMANENTE",{"$nulls":7},{"$f":"SUM(J9:J11)","v":{"v":0,"d":"0.00"}},{"$f":"SUM(K9:K11)","v":{"v":0,"d":"0.00%"}}]
["a)",{"$f":"'P1'!B9","v":"preencher"},{"$f":"Custos!G13","v":"preencher"},{"$f":"Custos!$D$13","v":"preencher"},{"$f":"Custos!B13","v":"Engenheiro Coordenador"},null,"hora",{"v":78.29268835616438,"d":"78.29"},{"$f":"F9*H9","v":{"v":0,"d":"0.00"}},{"$f":"I9*K!$G$23","v":{"v":0,"d":"0.00"}},{"$f":"IF(J9=0,\"\",J9/$J$47)","v":""}]
["b)",{"$f":"'P1'!B10","v":"preencher"},{"$f":"Custos!G14","v":"preencher"},{"$f":"Custos!D14","v":"preencher"},{"$f":"Custos!B14","v":"Engenheiro de Projetos Pleno"},null,"hora",{"v":105.45545778585407,"d":"105.46"},{"$f":"F10*H10","v":{"v":0,"d":"0.00"}},{"$f":"I10*K!$G$23","v":{"v":0,"d":"0.00"}},{"$f":"IF(J10=0,\"\",J10/$J$47)","v":""}]
["e)",{"$f":"'P1'!B11","v":"preencher"},{"$f":"Custos!G15","v":"preencher"},{"$f":"Custos!D15","v":"preencher"},{"$f":"Custos!B15","v":"Auxiliar Administrativo"},null,"hora",{"v":447.3867906066536,"d":"447.39"},{"$f":"F11*H11","v":{"v":0,"d":"0.00"}},{"$f":"I11*K!$G$23","v":{"v":0,"d":"0.00"}},""]
[]
[2,"CONSULTORES",{"$nulls":7},{"$f":"J15","v":{"v":0,"d":"0.00"}},{"$f":"IF(J13=0,0,J13/$J$47)","v":{"v":0,"d":"0.00%"}}]
[]
["2.1","CONSULTORES",{"$nulls":7},{"$f":"SUM(J16:J18)","v":{"v":0,"d":"0.00"}},{"$f":"SUM(K16:K18)","v":{"v":0,"d":"0.00%"}}]
["b)",{"$f":"'P1'!B16","v":"preencher"},{"$f":"Custos!G20","v":"preencher"},{"$f":"Custos!D20","v":"preencher"},{"$f":"Custos!B20","v":"Engenheiro de Projetos (Elétrico)"},null,"hora",{"v":55.923348825831695,"d":"55.92"},{"$f":"F16*H16","v":{"v":0,"d":"0.00"}},{"$f":"I16*K!$G$23","v":{"v":0,"d":"0.00"}},{"$f":"IF(J16=0,\"\",J16/$J$47)","v":""}]
["c)",{"$f":"'P1'!B17","v":"preencher"},{"$f":"Custos!G21","v":"preencher"},{"$f":"Custos!D21","v":"preencher"},{"$f":"Custos!B21","v":"Engenheiro de Projeto (Calculista)"},null,"hora",{"v":55.923348825831695,"d":"55.92"},{"v":0,"d":"0.00"},{"$f":"I17*K!$G$23","v":{"v":0,"d":"0.00"}},""]
["e)",{"$f":"'P1'!B18","v":"preencher"},{"$f":"Custos!G22","v":"preencher"},{"$f":"Custos!D22","v":"preencher"},{"$f":"Custos!B22","v":"Engenheiro ambiental"},null,"hora",{"v":47.93429899357003,"d":"47.93"},{"v":0,"d":"0.00"},{"$f":"I18*K!$G$23","v":{"v":0,"d":"0.00"}},""]
[]
[3,"SERVIÇOS DE APOIO TÉCNICO",{"$nulls":7},{"$f":"J22+J27+J33+J37","v":{"v":0,"d":"0.00"}},{"$f":"IF(J20=0,0,J20/$J$47)","v":{"v":0,"d":"0.00%"}}]
[]
["3.1","SERVIÇOS DE TOPOGRAFIA",{"$nulls":7},{"$f":"SUM(J23:J25)","v":{"v":0,"d":"0.00"}},{"$f":"SUM(K23:K25)","v":{"v":0,"d":"0.00%"}}]
["a)",{"$f":"'P1'!B23","v":"preencher"},{"$f":"Custos!G33","v":"preencher"},{"$f":"Custos!D33","v":"preencher"},{"$f":"Custos!B33","v":"Mobilização e desmobilização de equipe de topografia"},null,{"$f":"Custos!H33","v":"km"},{"v":324,"d":"324.00"},{"$f":"H23*F23","v":{"v":0,"d":"0.00"}},{"$f":"I23*K!$G$24","v":{"v":0,"d":"0.00"}},{"$f":"IF(J23=0,\"\",J23/$J$47)","v":""}]
["b)",{"$f":"'P1'!B24","v":"preencher"},{"$f":"Custos!G34","v":"preencher"},{"$f":"Custos!D34","v":"preencher"},{"$f":"Custos!B34","v":"Equipe de topografia de campo"},null,{"$f":"Custos!H34","v":"mês"},{"v":6.2397737042069933E-5,"d":"0.0000624"},{"$f":"H24*F24","v":{"v":0,"d":"0.00"}},{"$f":"I24*K!$G$24","v":{"v":0,"d":"0.00"}},""]
["c)",{"$f":"'P1'!B25","v":"preencher"},{"$f":"Custos!G35","v":"preencher"},{"$f":"Custos!D35","v":"preencher"},{"$f":"Custos!B35","v":"Equipe de topografia de escritório"},null,{"$f":"Custos!H35","v":"mês"},{"v":3.1198868521034966E-5,"d":"0.0000312"},{"v":0,"d":"0.00"},{"$f":"I25*K!$G$24","v":{"v":0,"d":"0.00"}},""]
[]
["3.2","SERVIÇOS DE SONDAGEM",{"$nulls":7},{"$f":"SUM(J28:J31)","v":{"v":0,"d":"0.00"}},{"$f":"SUM(K28:K31)","v":{"v":0,"d":"0.00%"}}]
["a)",{"$f":"'P1'!B28","v":"preencher"},{"$f":"Custos!G27","v":"preencher"},{"$f":"Custos!D27","v":"preencher"},{"$f":"Custos!B27","v":"Sondagem a percussao - mobilizacao e desmobilizacao"},null,{"$f":"Custos!H27","v":"unidade"},{"v":1,"d":"1.00"},{"$f":"H28*F28","v":{"v":0,"d":"0.00"}},{"$f":"I28*K!$G$24","v":{"v":0,"d":"0.00"}},{"$f":"IF(J28=0,\"\",J28/$J$47)","v":""}]
["b)",{"$f":"'P1'!B29","v":"preencher"},{"$f":"Custos!G28","v":"preencher"},{"$f":"Custos!D28","v":"preencher"},{"$f":"Custos!B28","v":"Sondagem a percussao - adicional de mobilizacao e desmobilizacao"},null,{"$f":"Custos!H28","v":"km"},{"v":324,"d":"324.00"},{"$f":"H29*F29","v":{"v":0,"d":"0.00"}},{"$f":"I29*K!$G$24","v":{"v":0,"d":"0.00"}},""]
["c)",{"$f":"'P1'!B30","v":"preencher"},{"$f":"Custos!G29","v":"preencher"},{"$f":"Custos!D29","v":"preencher"},{"$f":"Custos!B29","v":"Sondagem a percussao - instalacao por furo"},null,{"$f":"Custos!H29","v":"unidade"},{"v":3,"d":"3.00"},{"v":0,"d":"0.00"},{"$f":"I30*K!$G$24","v":{"v":0,"d":"0.00"}},""]
["d)",{"$f":"'P1'!B31","v":"preencher"},{"$f":"Custos!G30","v":"preencher"},{"$f":"Custos!D30","v":"preencher"},{"$f":"Custos!B30","v":"Sondagem a percussao ø2.1/2\" - perfuracao e retirada de amostras"},null,{"$f":"Custos!H30","v":"m"},{"v":30,"d":"30.00"},{"v":0,"d":"0.00"},{"$f":"I31*K!$G$24","v":{"v":0,"d":"0.00"}},""]
[]
["3.3","CADASTRO TÉCNICO DE REDES DE ESGOTAMENTO SANITÁRIO",{"$nulls":7},{"$f":"SUM(J34:J35)","v":{"v":0,"d":"0.00"}},{"$f":"SUM(K34:K35)","v":{"v":0,"d":"0.00%"}}]
["a)",{"$f":"'P1'!B34","v":"preencher"},{"$f":"Custos!G38","v":"preencher"},{"$f":"Custos!D38","v":"preencher"},{"$f":"Custos!B38","v":"Equipe de topografia de campo"},null,{"$f":"Custos!H38","v":"mês"},{"v":3.1373666041088002E-3,"d":"0.00314"},{"$f":"H34*F34","v":{"v":0,"d":"0.00"}},{"$f":"I34*K!$G$24","v":{"v":0,"d":"0.00"}},{"$f":"IF(J34=0,\"\",J34/$J$47)","v":""}]
["b)",{"$f":"'P1'!B35","v":"preencher"},{"$f":"Custos!G39","v":"preencher"},{"$f":"Custos!D39","v":"preencher"},{"$f":"Custos!B39","v":"Equipe de topografia de escritório"},null,{"$f":"Custos!H39","v":"mês"},{"v":2.8540190837760004E-4,"d":"0.00029"},{"$f":"H35*F35","v":{"v":0,"d":"0.00"}},{"$f":"I35*K!$G$24","v":{"v":0,"d":"0.00"}},""]
[]
["3.4","ANÁLISE DE ÁGUA",{"$nulls":7},{"$f":"SUM(J38:J39)","v":{"v":0,"d":"0.00"}},{"$f":"SUM(K38:K39)","v":{"v":0,"d":"0.00%"}}]
["a)",{"$f":"Custos!E44","v":"preencher"},{"$f":"Custos!G44","v":"preencher"},{"$f":"Custos!D44","v":"preencher"},{"$f":"Custos!B44","v":"Análise fisico-química da água"},null,{"$f":"Custos!H44","v":"unidade"},{"v":1,"d":"1.00"},{"$f":"H38*F38","v":{"v":0,"d":"0.00"}},{"$f":"(I38*K!$G$24)","v":{"v":0,"d":"0.00"}},{"$f":"IF(J38=0,\"\",J38/$J$47)","v":""}]
["b)",{"$f":"Custos!E45","v":"preencher"},{"$f":"Custos!G45","v":"preencher"},{"$f":"Custos!D45","v":"preencher"},{"$f":"Custos!B45","v":"Analise bactereologica da água"},null,{"$f":"Custos!H45","v":"unidade"},{"v":1,"d":"1.00"},{"v":0,"d":"0.00"},{"$f":"(I39*K!$G$24)","v":{"v":0,"d":"0.00"}},""]
["4.","DESPESAS DIVERSAS",{"$nulls":7},{"$f":"J42","v":{"v":0,"d":"0.00"}},{"$f":"IF(J40=0,0,J40/$J$47)","v":{"v":0,"d":"0.00%"}}]
[]
["4.1","OUTRAS DESPESAS",{"$nulls":7},{"$f":"SUM(J43:J45)","v":{"v":0,"d":"0.00"}},{"$f":"SUM(K43:K45)","v":{"v":0,"d":"0.00%"}}]
["a)",{"$f":"Custos!F47","v":"-"},{"$f":"Custos!G47","v":"preencher"},{"$f":"Custos!D47","v":"preencher"},{"$f":"Custos!B47","v":"Veículo tipo pick-up 4X4"},null,{"$f":"'P1'!G43","v":"R$/dia"},{"v":1,"d":"1.00"},{"$f":"ROUND(('P1'!I43+'P3'!I43+'P2'!I43+'P4'!I43+'P5'!I44+'P6'!I43+P7a!I43+'P8'!I43),2)","v":{"v":0,"d":"0.00"}},{"$f":"I43*K!$G$25","v":{"v":0,"d":"0.00"}},{"$f":"IF(J43=0,\"\",J43/$J$47)","v":""}]
["b)",{"$f":"Custos!F48","v":"-"},{"$f":"Custos!G48","v":"preencher"},{"$f":"Custos!D48","v":"preencher"},{"$f":"Custos!B48","v":"Refeições"},null,{"$f":"'P1'!G44","v":"unidade"},{"v":4,"d":"4.00"},{"$f":"H44*F44","v":{"v":0,"d":"0.00"}},{"$f":"I44*K!$G$25","v":{"v":0,"d":"0.00"}},""]
["c)",{"$f":"Custos!F49","v":"-"},{"$f":"Custos!G49","v":"preencher"},{"$f":"Custos!D49","v":"preencher"},{"$f":"Custos!B49","v":"Diárias"},null,{"$f":"'P1'!G45","v":"unidade"},{"v":4,"d":"4.00"},{"v":0,"d":"0.00"},{"$f":"I45*K!$G$25","v":{"v":0,"d":"0.00"}},""]
[]
["VALOR TOTAL - Inclusos K's",{"$nulls":7},"R$",{"$f":"ROUND(J6+J13+J20+J40,2)","v":{"v":0,"d":"0.00"}},{"$f":"K6+K13+K20+K40","v":{"v":0,"d":"0.00%"}}]
[]
["Observações:"]
["1-","Os K's foram calculados através de fórmulas estabelecidas pelo Acórdão 1787/2011. Os parâmetros utilizados foram estabelecidos pela Nota Técnica Conjunta nº 01/2012/SIP/SAF da Agência Nacional de Águas."]
["2-","A remuneração horária é determinada dividindo-se o valor da remuneração mensal pela carga horária efetivamente trabalhada."]
["3-","No valor do veículo já estão inclusos os valores de locação, gasolina, manutenção e pedágio."]

{"sheet":"CPP","index":18,"n_rows":15,"n_cols":5,"rows_kept":15,"merged":[[4,0,4,2],[14,0,14,1]]}
["Custo por produto",null,null,"Data:",{"$f":"'Dados Básicos do município'!H4","v":"Inserir a data"}]
["Comitê:",{"$f":"'Dados Básicos do município'!B5","v":"CBH-DOCE"}]
["Município:",{"$f":"'Dados Básicos do município'!B6","v":"São Geraldo do Baixio/Minas Gerais"}]
[]
["PRODUTO",null,null,"PERCENTUAL","CUSTO (R$)"]
["Produto 1:",{"$f":"Cronograma!B12","v":"Plano de Trabalho"},null,{"$f":"IF(E6=0,0,E6/$E$15)","v":{"v":0,"d":"0.0%"}},{"$f":"'P1'!J47","v":{"v":0,"d":"0.00"}}]
["Produto 2:",{"$f":"Cronograma!B13","v":"Cadastro Técnico"},null,{"$f":"IF(E7=0,0,E7/$E$15)","v":{"v":0,"d":"0.0%"}},{"$f":"'P2'!J47","v":{"v":0,"d":"0.00"}}]
["Produto 3:",{"$f":"Cronograma!B14","v":"Estudo Topográfico"},null,{"v":0,"d":"0.0%"},{"$f":"'P3'!J47","v":{"v":0,"d":"0.00"}}]
["Produto 4:",{"$f":"Cronograma!B15","v":"Estudo de Concepção"},null,{"v":0,"d":"0.0%"},{"$f":"'P4'!J47","v":{"v":0,"d":"0.00"}}]
["Produto 5:",{"$f":"Cronograma!B17","v":"Projeto Básico"},null,{"v":0,"d":"0.0%"},{"$f":"'P5'!J48","v":{"v":0,"d":"0.00"}}]
["Produto 6:",{"$f":"Cronograma!B18","v":"Estudo Geotécnicos"},null,{"v":0,"d":"0.0%"},{"$f":"'P6'!J47","v":{"v":0,"d":"0.00"}}]
["Produto 7.1:",{"$f":"Cronograma!B16","v":"Estudos Ambientais Preliminares"},null,{"v":0,"d":"0.0%"},{"$f":"P7a!J47","v":{"v":0,"d":"0.00"}}]
["Produto 7.2:",{"$f":"Cronograma!B19","v":"Estudos Ambientais Consolidados"},null,{"v":0,"d":"0.0%"},{"$f":"P7b!J47","v":{"v":0,"d":"0.00"}}]
["Produto 8:",{"$f":"Cronograma!B20","v":"Projeto Executivo"},null,{"v":0,"d":"0.0%"},{"$f":"'P8'!J47","v":{"v":0,"d":"0.00"}}]
[null,null,"TOTAL",{"$f":"SUM(D6:D14)","v":{"v":0,"d":"0.00%"}},{"$f":"SUM(E6:E14)","v":{"v":0,"d":"0.00"}}]

{"sheet":"Cronograma","index":19,"n_rows":29,"n_cols":24,"rows_kept":29,"merged":[[0,0,1,35],[6,2,6,17],[7,0,7,23],[8,0,10,0],[8,1,10,2],[8,3,9,3],[8,4,9,4],[8,5,8,23],[9,6,9,11],[9,12,9,17],[9,18,9,23],[9,24,9,29],[9,30,9,35],[22,0,22,2],[22,5,22,23],[31,7,31,19],[32,7,32,19],[33,7,33,19]]}
["Cronograma físico-financeiro"]
[]
[]
["Cronograma físico-financeiro"]
["Comitê:",null,{"$f":"'Dados Básicos do município'!B5","v":"CBH-DOCE"}]
["Município:",null,{"$f":"'Dados Básicos do município'!B6","v":"São Geraldo do Baixio/Minas Gerais"}]
[]
["CRONOGRAMA "]
["ETAPA PRODUTO","ESPECIFICAÇÃO",null,"Repasse","Percentual","MÊS"]
[{"$nulls":5},"-",1,{"$nulls":5},2,{"$nulls":5},3]
[{"$nulls":3},"R$","%","-",5,10,15,20,25,30,35,40,45,50,55,60,65,70,75,80,85,90]
[1,{"$f":"'P1'!C1","v":"Plano de Trabalho"},null,{"$f":"'P1'!J47","v":{"v":0,"d":"0.00"}},{"$f":"IF(D12=0,0,D12/$D$23)","v":{"v":0,"d":"0.00%"}}]
[2,{"$f":"'P2'!C1","v":"Cadastro Técnico"},null,{"$f":"'P2'!J47","v":{"v":0,"d":"0.00"}},{"$f":"IF(D13=0,0,D13/$D$23)","v":{"v":0,"d":"0.00%"}}]
[3,{"$f":"'P3'!C1","v":"Estudo Topográfico"},null,{"$f":"'P3'!J47","v":{"v":0,"d":"0.00"}},{"v":0,"d":"0.00%"}]
[4,{"$f":"'P4'!C1","v":"Estudo de Concepção"},null,{"$f":"'P4'!J47","v":{"v":0,"d":"0.00"}},{"v":0,"d":"0.00%"}]
["7.1",{"$f":"P7a!C1","v":"Estudos Ambientais Preliminares"},null,{"$f":"P7a!J47","v":{"v":0,"d":"0.00"}},{"v":0,"d":"0.00%"}]
[5,{"$f":"'P5'!C2","v":"Projeto Básico"},null,{"$f":"'P5'!J48","v":{"v":0,"d":"0.00"}},{"v":0,"d":"0.00%"}]
[6,{"$f":"'P6'!C1","v":"Estudo Geotécnicos"},null,{"$f":"'P6'!J47","v":{"v":0,"d":"0.00"}},{"v":0,"d":"0.00%"}]
["7.2",{"$f":"P7b!C1","v":"Estudos Ambientais Consolidados"},null,{"$f":"P7b!J47","v":{"v":0,"d":"0.00"}},{"v":0,"d":"0.00%"},{"$nulls":5},""]
[8,{"$f":"'P8'!C1","v":"Projeto Executivo"},null,{"$f":"'P8'!J47","v":{"v":0,"d":"0.00"}},{"v":0,"d":"0.00%"}]
["-","Finalização Contratual",null,"-"]
[]
["TOTAL GERAL",null,null,{"$f":"SUM(D12:D22)","v":{"v":0,"d":"0.00"}},{"$f":"ROUND(SUM(E12:E22),2)","v":{"v":0,"d":"0.00%"}}]
[]
["LEGENDA:"]
[null,null,"Emissão da Ordem de Serviço",{"$nulls":5},"Análise da versão final do produto "]
[null,null,"Elaboração do produto e entrega da minuta",{"$nulls":5},"Período para pagamento"]
[null,null,"Análise e revisão do produto ",{"$nulls":5},"Finalização contratual interna"]
[null,null,"Correção e entrega versão final do produto"]